{"text_format":"3","workbook":"xlsx","n_sheets":38,"sheets":["封-2 招标控制价封面","扉-2 招标控制价扉页","表-01 总说明","表-02 建设项目招标控制价汇总表","表-03 单项工程招标控制价汇总表【温县托育综合服务中心建","表-04 单位工程招标控制价汇总表【室外工程】","表-08 分部分项工程和单价措施项目清单与计价表【室外工程】","表-11 总价措施项目清单与计价汇总表【室外工程】","表-12 其他项目清单与计价汇总表【室外工程】","表-12-1 暂列金额明细表【室外工程】","表-12-2 材料(工程设备)暂估价及调整表【室外工程】","表-12-3 专业工程暂估价及结算价表【室外工程】","表-12-4 计日工表【室外工程】","表-12-5 总承包服务费计价表【室外工程】","表-13 规费、税金项目计价表【室外工程】","表-14 主要材料价格表【室外工程】","表-04 单位工程招标控制价汇总表【景观工程】","表-08 分部分项工程和单价措施项目清单与计价表【景观工程】","表-11 总价措施项目清单与计价汇总表【景观工程】","表-12 其他项目清单与计价汇总表【景观工程】","表-12-1 暂列金额明细表【景观工程】","表-12-2 材料(工程设备)暂估价及调整表【景观工程】","表-12-3 专业工程暂估价及结算价表【景观工程】","表-12-4 计日工表【景观工程】","表-12-5 总承包服务费计价表【景观工程】","表-13 规费、税金项目计价表【景观工程】","表-14 主要材料价格表【景观工程】","表-04 单位工程招标控制价汇总表【绿化工程】","表-08 分部分项工程和单价措施项目清单与计价表【绿化工程】","表-11 总价措施项目清单与计价汇总表【绿化工程】","表-12 其他项目清单与计价汇总表【绿化工程】","表-12-1 暂列金额明细表【绿化工程】","表-12-2 材料(工程设备)暂估价及调整表【绿化工程】","表-12-3 专业工程暂估价及结算价表【绿化工程】","表-12-4 计日工表【绿化工程】","表-12-5 总承包服务费计价表【绿化工程】","表-13 规费、税金项目计价表【绿化工程】","表-14 主要材料价格表【绿化工程】"],"read":"whole","date_system":"1900"}

{"sheet":"封-2 招标控制价封面","index":0,"n_rows":11,"n_cols":7,"rows_kept":11,"merged":[[0,0,0,1],[0,2,0,5],[1,0,1,6],[2,0,2,6],[3,1,3,2],[3,3,3,4],[3,5,3,6],[4,1,4,2],[4,3,4,4],[4,5,4,6],[5,1,5,2],[5,3,5,4],[5,5,5,6],[6,1,6,2],[6,3,6,4],[6,5,6,6],[7,0,7,6],[8,1,8,2],[8,5,8,6],[9,0,9,1],[9,2,9,5],[10,0,10,6]]}
[null,null,"温县托育综合服务中心建设项目-室外配套及景观绿化",{"$nulls":3},"工程"]
["招 标 控 制 价"]
[]
[null,"招  标  人："]
[{"$nulls":3},"(单位盖章)"]
[null,"造价咨询人："]
[{"$nulls":3},"(单位盖章)"]
["年   月   日"]
[]
[{"$nulls":6},"封-2"]
["河南省建设工程造价计价软件测评合格编号：2021-RJ002；2020-RJ002；2019-RJ004；2017-RJ004"]

{"sheet":"扉-2 招标控制价扉页","index":1,"n_rows":13,"n_cols":7,"rows_kept":13,"merged":[[0,1,0,5],[1,0,1,6],[2,0,2,1],[2,3,2,6],[3,0,3,1],[3,3,3,6],[4,0,4,1],[4,5,4,6],[5,0,5,1],[5,2,5,3],[5,5,5,6],[6,0,6,1],[6,2,6,3],[6,5,6,6],[7,0,7,1],[7,2,7,3],[7,5,7,6],[8,0,8,1],[8,2,8,3],[8,5,8,6],[9,0,9,1],[9,2,9,3],[9,5,9,6],[10,0,10,1],[10,2,10,3],[10,5,10,6],[11,0,11,1],[11,2,11,3],[11,5,11,6],[12,1,12,5]]}
[null,"温县托育综合服务中心建设项目-室外配套及景观绿化",{"$nulls":4},"工程"]
["招 标 控 制 价"]
["招标控制价  ",null,"(小写)：","1113100"]
[null,null,"(大写)：","壹佰壹拾壹万叁仟壹佰元整"]
[]
["招  标  人：",{"$nulls":3},"造价咨询人："]
[null,null,"（单位盖章）",null,null,"(单位资质专用章)"]
["法定代表人  \n\n或其授权人：",{"$nulls":3},"法定代表人  \n\n 或其授权人："]
[null,null,"(签字或盖章)",null,null,"(签字或盖章)"]
["编  制  人：",{"$nulls":3},"复  核  人："]
[null,null,"(造价人员签字盖专用章)",null,null,"(造价工程师签字盖专用章)"]
["编 制 时 间：",null,"    年   月   日",null,"复 核 时 间：","    年   月   日"]
[{"$nulls":6},"扉-2"]

{"sheet":"表-01 总说明","index":2,"n_rows":4,"n_cols":5,"rows_kept":4,"merged":[[0,0,0,4],[1,0,1,3],[2,0,2,4],[3,0,3,2]]}
["总   说   明"]
["项目名称：温县托育综合服务中心建设项目-室外配套及景观绿化",{"$nulls":3},"第 1 页 共 1 页"]
["一、工程概况：\n  本项目为温县托育综合服务中心建设项目-室外配套及景观绿化工程，主要建设内容包括托育综合服务中心室外工程、景观工程、绿化工程。\n二、编制说明： \n 1.施工图纸\n2.《工程量清单项目计量规范(2013-河南)》\n3.《河南省房屋建筑与装饰工程预算定额(2016)》、《河南省通用安装工程预算定额(2016)》及配套定额及文件等\n4.税金执行建办标函【2019】193号文，按9%计取； \n5.安全文明施工费按豫建设标【2014】57号文计入；，施工现场扬尘污染防治费执行豫建设标【2016】47号文； \n6.人工系数调整执行豫建标定【2021】5号文执行； \n7.材料价格依据焦作市信息价2023年第六期及市场价综合取定\n8.其他相关标准规范文件、资料等； \n\n  "]
[{"$nulls":4},"表-01"]

{"sheet":"表-02 建设项目招标控制价汇总表","index":3,"n_rows":37,"n_cols":8,"rows_kept":37,"merged":[[0,0,0,7],[1,0,1,4],[1,6,1,7],[2,0,3,0],[2,1,3,1],[2,2,3,2],[2,3,2,7],[3,4,3,6],[4,4,4,6],[5,4,5,6],[6,4,6,6],[7,4,7,6],[8,4,8,6],[9,4,9,6],[10,4,10,6],[11,4,11,6],[12,4,12,6],[13,4,13,6],[14,4,14,6],[15,4,15,6],[16,4,16,6],[17,4,17,6],[18,4,18,6],[19,4,19,6],[20,4,20,6],[21,4,21,6],[22,4,22,6],[23,4,23,6],[24,4,24,6],[25,4,25,6],[26,4,26,6],[27,4,27,6],[28,4,28,6],[29,4,29,6],[30,4,30,6],[31,4,31,6],[32,4,32,6],[33,4,33,6],[34,0,34,1],[34,4,34,6],[35,0,35,4],[35,6,35,7],[36,0,36,4],[36,6,36,7]]}
["建设项目招标控制价汇总表"]
["工程名称：温县托育综合服务中心建设项目-室外配套及景观绿化",{"$nulls":5},"第 1 页 共 1 页"]
["序号","单项工程名称","金 额(元)","其中:(元)"]
[{"$nulls":3},"暂估价","安全文明\n施工费",null,null,"规 费"]
["1","  温县托育综合服务中心建设项目-室外配套及景观绿化",1113100,null,11745.64,null,null,14719.88]
{"$rows_empty":29}
["合 计",null,1113100,null,11745.64,null,null,14719.88]
["注：本表适用于建设项目招标控制价或投标报价的汇总。"]
[{"$nulls":6},"表-02"]

{"sheet":"表-03 单项工程招标控制价汇总表【温县托育综合服务中心建","index":4,"n_rows":37,"n_cols":8,"rows_kept":37,"merged":[[0,0,0,7],[1,0,1,4],[1,6,1,7],[2,0,3,0],[2,1,3,1],[2,2,3,2],[2,3,2,7],[3,4,3,6],[4,4,4,6],[5,4,5,6],[6,4,6,6],[7,4,7,6],[8,4,8,6],[9,4,9,6],[10,4,10,6],[11,4,11,6],[12,4,12,6],[13,4,13,6],[14,4,14,6],[15,4,15,6],[16,4,16,6],[17,4,17,6],[18,4,18,6],[19,4,19,6],[20,4,20,6],[21,4,21,6],[22,4,22,6],[23,4,23,6],[24,4,24,6],[25,4,25,6],[26,4,26,6],[27,4,27,6],[28,4,28,6],[29,4,29,6],[30,4,30,6],[31,4,31,6],[32,4,32,6],[33,4,33,6],[34,0,34,1],[34,4,34,6],[35,0,35,7],[36,0,36,4],[36,6,36,7]]}
["单项工程招标控制价汇总表"]
["工程名称：温县托育综合服务中心建设项目-室外配套及景观绿化",{"$nulls":5},"第 1 页 共 1 页"]
["序号","单项工程名称","金 额(元)","其中：(元)"]
[{"$nulls":3},"暂估价","安全文明\n施工费",null,null,"规 费"]
[null,"  温县托育综合服务中心建设项目-室外配套及景观绿化",1113100,null,11745.64,null,null,14719.88]
["1","  室外工程",633510.82,null,5970.28,null,null,7045.76]
["2","  景观工程",391719.34,null,5036.33,null,null,6244.46]
["3","  绿化工程",87869.84,null,739.03,null,null,1429.66]
{"$rows_empty":26}
["合 计",null,1113100,null,11745.64,null,null,14719.88]
["注：本表适用于单项工程招标控制价或投标报价的汇总。暂估价包括分部分项工程中的暂估价和专业工程暂估价。"]
[{"$nulls":6},"表—03"]

{"sheet":"表-04 单位工程招标控制价汇总表【室外工程】","index":5,"n_rows":31,"n_cols":6,"rows_kept":31,"merged":[[0,0,0,3],[0,4,0,5],[1,0,1,5],[2,0,2,1],[2,2,2,3],[2,4,2,5],[3,1,3,2],[3,3,3,4],[4,1,4,2],[4,3,4,4],[5,1,5,2],[5,3,5,4],[6,1,6,2],[6,3,6,4],[7,1,7,2],[7,3,7,4],[8,1,8,2],[8,3,8,4],[9,1,9,2],[9,3,9,4],[10,1,10,2],[10,3,10,4],[11,1,11,2],[11,3,11,4],[12,1,12,2],[12,3,12,4],[13,1,13,2],[13,3,13,4],[14,1,14,2],[14,3,14,4],[15,1,15,2],[15,3,15,4],[16,1,16,2],[16,3,16,4],[17,1,17,2],[17,3,17,4],[18,1,18,2],[18,3,18,4],[19,1,19,2],[19,3,19,4],[20,1,20,2],[20,3,20,4],[21,1,21,2],[21,3,21,4],[22,1,22,2],[22,3,22,4],[23,1,23,2],[23,3,23,4],[24,1,24,2],[24,3,24,4],[25,1,25,2],[25,3,25,4],[26,1,26,2],[26,3,26,4],[27,1,27,2],[27,3,27,4],[28,0,28,2],[28,3,28,4],[29,0,29,5],[30,0,30,1],[30,2,30,3],[30,4,30,5]]}
[]
["单位工程招标控制价汇总表"]
["工程名称：室外工程",null,"标段：温县托育综合服务中心建设项目-室外配套及景观绿化",null,"第 1 页 共 1 页"]
["序号","汇 总 内 容",null,"金 额(元)",null,"其中：暂估价(元)"]
["1","分部分项工程",null,565571.78]
["1.1","排水管网",null,147557.05]
["1.2","电气工程",null,418014.73]
["2","措施项目",null,8585.05]
["2.1","其中：安全文明施工费",null,5970.28]
["2.2","其他措施费（费率类）",null,2614.77]
["2.3","单价措施费"]
["3","其他项目",{"$nulls":3},"－"]
["3.1","其中：1）暂列金额",{"$nulls":3},"－"]
["3.2","2）专业工程暂估价",{"$nulls":3},"－"]
["3.3","3）计日工",{"$nulls":3},"－"]
["3.4","4）总承包服务费",{"$nulls":3},"－"]
["3.5","5）其他",{"$nulls":3},"－"]
["4","规费",null,7045.76,null,"－"]
["4.1","定额规费",null,7045.76,null,"－"]
["4.2","工程排污费",{"$nulls":3},"－"]
["4.3","其他"]
["5","不含税工程造价合计",null,581202.59]
["6","增值税",null,52308.23,null,"－"]
["7","含税工程造价合计",null,633510.82]
[]
[]
[]
[]
["招标控制价合计=1+2+3+4+6",null,null,"633,510.82",null,"0"]
["注：本表适用于单位工程招标控制价或投标报价的汇总，如无单位工程划分，单项工程也使用本表汇总。"]
[{"$nulls":4},"表—04"]

{"sheet":"表-08 分部分项工程和单价措施项目清单与计价表【室外工程】","index":6,"n_rows":121,"n_cols":11,"rows_kept":121,"merged":[[0,0,0,10],[1,0,1,3],[1,4,1,8],[1,9,1,10],[2,0,4,0],[2,1,4,1],[2,2,4,2],[2,3,4,4],[2,5,4,5],[2,6,4,6],[2,7,2,10],[3,7,4,7],[3,8,4,9],[5,3,5,4],[5,8,5,9],[6,3,6,4],[6,8,6,9],[7,3,7,4],[7,8,7,9],[8,3,8,4],[8,8,8,9],[9,3,9,4],[9,8,9,9],[10,3,10,4],[10,8,10,9],[11,3,11,4],[11,8,11,9],[12,0,12,7],[12,8,12,9],[13,0,13,10],[14,0,14,3],[14,4,14,8],[14,9,14,10],[15,0,15,10],[16,0,16,3],[16,4,16,8],[16,9,16,10],[17,0,19,0],[17,1,19,1],[17,2,19,2],[17,3,19,4],[17,5,19,5],[17,6,19,6],[17,7,17,10],[18,7,19,7],[18,8,19,9],[20,3,20,4],[20,8,20,9],[21,3,21,4],[21,8,21,9],[22,3,22,4],[22,8,22,9],[23,3,23,4],[23,8,23,9],[24,3,24,4],[24,8,24,9],[25,0,25,7],[25,8,25,9],[26,0,26,10],[27,0,27,3],[27,4,27,8],[27,9,27,10],[28,0,28,10],[29,0,29,3],[29,4,29,8],[29,9,29,10],[30,0,32,0],[30,1,32,1],[30,2,32,2],[30,3,32,4],[30,5,32,5],[30,6,32,6],[30,7,30,10],[31,7,32,7],[31,8,32,9],[33,3,33,4],[33,8,33,9],[34,3,34,4],[34,8,34,9],[35,3,35,4],[35,8,35,9],[36,3,36,4],[36,8,36,9],[37,3,37,4],[37,8,37,9],[38,3,38,4],[38,8,38,9],[39,3,39,4],[39,8,39,9],[40,0,40,7],[40,8,40,9],[41,0,41,10],[42,0,42,3],[42,4,42,8],[42,9,42,10],[43,0,43,10],[44,0,44,3],[44,4,44,8],[44,9,44,10],[45,0,47,0],[45,1,47,1],[45,2,47,2],[45,3,47,4],[45,5,47,5],[45,6,47,6],[45,7,45,10],[46,7,47,7],[46,8,47,9],[48,3,48,4],[48,8,48,9],[49,3,49,4],[49,8,49,9],[50,3,50,4],[50,8,50,9],[51,3,51,4],[51,8,51,9],[52,3,52,4],[52,8,52,9],[53,3,53,4],[53,8,53,9],[54,0,54,7],[54,8,54,9],[55,0,55,10],[56,0,56,3],[56,4,56,8],[56,9,56,10],[57,0,57,10],[58,0,58,3],[58,4,58,8],[58,9,58,10],[59,0,61,0],[59,1,61,1],[59,2,61,2],[59,3,61,4],[59,5,61,5],[59,6,61,6],[59,7,59,10],[60,7,61,7],[60,8,61,9],[62,3,62,4],[62,8,62,9],[63,3,63,4],[63,8,63,9],[64,3,64,4],[64,8,64,9],[65,3,65,4],[65,8,65,9],[66,3,66,4],[66,8,66,9],[67,0,67,7],[67,8,67,9],[68,0,68,10],[69,0,69,3],[69,4,69,8],[69,9,69,10],[70,0,70,10],[71,0,71,3],[71,4,71,8],[71,9,71,10],[72,0,74,0],[72,1,74,1],[72,2,74,2],[72,3,74,4],[72,5,74,5],[72,6,74,6],[72,7,72,10],[73,7,74,7],[73,8,74,9],[75,3,75,4],[75,8,75,9],[76,3,76,4],[76,8,76,9],[77,3,77,4],[77,8,77,9],[78,3,78,4],[78,8,78,9],[79,3,79,4],[79,8,79,9],[80,0,80,7],[80,8,80,9],[81,0,81,10],[82,0,82,3],[82,4,82,8],[82,9,82,10],[83,0,83,10],[84,0,84,3],[84,4,84,8],[84,9,84,10],[85,0,87,0],[85,1,87,1],[85,2,87,2],[85,3,87,4],[85,5,87,5],[85,6,87,6],[85,7,85,10],[86,7,87,7],[86,8,87,9],[88,3,88,4],[88,8,88,9],[89,3,89,4],[89,8,89,9],[90,3,90,4],[90,8,90,9],[91,3,91,4],[91,8,91,9],[92,3,92,4],[92,8,92,9],[93,3,93,4],[93,8,93,9],[94,3,94,4],[94,8,94,9],[95,3,95,4],[95,8,95,9],[96,3,96,4],[96,8,96,9],[97,3,97,4],[97,8,97,9],[98,3,98,4],[98,8,98,9],[99,3,99,4],[99,8,99,9],[100,3,100,4],[100,8,100,9],[101,3,101,4],[101,8,101,9],[102,3,102,4],[102,8,102,9],[103,3,103,4],[103,8,103,9],[104,3,104,4],[104,8,104,9],[105,3,105,4],[105,8,105,9],[106,3,106,4],[106,8,106,9],[107,3,107,4],[107,8,107,9],[108,3,108,4],[108,8,108,9],[109,3,109,4],[109,8,109,9],[110,3,110,4],[110,8,110,9],[111,3,111,4],[111,8,111,9],[112,3,112,4],[112,8,112,9],[113,3,113,4],[113,8,113,9],[114,3,114,4],[114,8,114,9],[115,3,115,4],[115,8,115,9],[116,3,116,4],[116,8,116,9],[117,0,117,7],[117,8,117,9],[118,0,118,7],[118,8,118,9],[119,0,119,10],[120,0,120,3],[120,4,120,8],[120,9,120,10]]}
["分部分项工程和单价措施项目清单与计价表"]
["工程名称：室外工程",{"$nulls":3},"标段：温县托育综合服务中心建设项目-室外配套及景观绿化",{"$nulls":4},"第 1 页 共 7 页"]
["序号","项目编码","项目名称","项目特征描述",null,"计量单位","工程量","金 额(元)"]
[{"$nulls":7},"综合单价","合 价",null,"其中"]
[{"$nulls":10},"暂估价"]
[null,null,"排水管网",{"$nulls":5},147557.05]
[1,"040501004001","污水管De300","1.名称:污水管De300\n2.连接形式:胶圈接口\n3.其他:未尽事宜参见施工图说明、图纸答疑、要求及相关规范图集",null,"m","79.06",130.91,10349.74]
[2,"040501004002","污水管De110","1.名称:污水管De110\n2.连接形式:胶圈接口\n3.其他:未尽事宜参见施工图说明、图纸答疑、要求及相关规范图集",null,"m","93.16",41.65,3880.11]
[3,"040504002001","污水井","1.名称:污水检查井\n2.形状:圆形\n3.其他:未尽事宜参见施工图说明、图纸答疑、要求及相关规范图集",null,"座","6",2298.91,13793.46]
[4,"040504002002","璃钢隔油池","1.名称:璃钢隔油池\n2.其他:未尽事宜参见施工图说明、图纸答疑、要求及相关规范图集",null,"座","1",6500,6500]
[5,"040501004003","雨水管De200","1.名称:雨水管De200\n2.连接形式:胶圈接口\n3.其他:未尽事宜参见施工图说明、图纸答疑、要求及相关规范图集",null,"m","59.73",85.24,5091.39]
[6,"040504002003","雨水井","1.名称:雨水检查井\n2.形状:矩形\n3.其他:未尽事宜参见施工图说明、图纸答疑、要求及相关规范图集",null,"座","3",2989.25,8967.75]
["本页小计",{"$nulls":7},48582.45]
["注：为计取规费等的使用，可在表中增设其中：“定额人工费”。"]
[{"$nulls":9},"表—08"]
["分部分项工程和单价措施项目清单与计价表"]
["工程名称：室外工程",{"$nulls":3},"标段：温县托育综合服务中心建设项目-室外配套及景观绿化",{"$nulls":4},"第 2 页 共 7 页"]
["序号","项目编码","项目名称","项目特征描述",null,"计量单位","工程量","金 额(元)"]
[{"$nulls":7},"综合单价","合 价",null,"其中"]
[{"$nulls":10},"暂估价"]
[7,"040504009001","雨水口","1.名称:雨水口\n2.其他:未尽事宜参见施工图说明、图纸答疑、要求及相关规范图集",null,"座","6",929.76,5578.56]
[8,"040501004004","喷淋管DN150","1.介质:喷淋给水\n2.材质:镀锌钢管\n3.规格:DN150\n4.连接形式:沟槽连接\n5.含沟槽管件及卡箍连接件\n6.其他:未尽事宜参见施工图说明、图纸答疑、要求及相关规范图集",null,"m","97.8",133.92,13097.38]
[9,"040501004005","消防管DN150","1.介质:消火栓给水\n2.材质:无缝钢管\n3.规格:DN150\n4.连接形式:焊接\n5.含沟槽管件及卡箍连接件\n6.其他:未尽事宜参见施工图说明、图纸答疑、要求及相关规范图集",null,"m","249.75",148.04,36972.99]
[10,"030901011001","室外消火栓DN150","1.安装方式:地下式\n2.名称:消火栓\n3.型号、规格:DN150\n4.其他:未尽事宜参见施工图说明、图纸答疑、要求及相关规范图集",null,"套","1",1228.12,1228.12]
[11,"030901012001","消防水泵接合器DN150","1.名称:消防水泵接合器\n2.型号、规格:DN150\n3.其他:未尽事宜参见施工图说明、图纸答疑、要求及相关规范图集",null,"套","3",1473.13,4419.39]
["本页小计",{"$nulls":7},61296.44]
["注：为计取规费等的使用，可在表中增设其中：“定额人工费”。"]
[{"$nulls":9},"表—08"]
["分部分项工程和单价措施项目清单与计价表"]
["工程名称：室外工程",{"$nulls":3},"标段：温县托育综合服务中心建设项目-室外配套及景观绿化",{"$nulls":4},"第 3 页 共 7 页"]
["序号","项目编码","项目名称","项目特征描述",null,"计量单位","工程量","金 额(元)"]
[{"$nulls":7},"综合单价","合 价",null,"其中"]
[{"$nulls":10},"暂估价"]
[12,"010101003001","挖沟槽土方","1.土壤类别:一、二类土\n2.类型：挖沟槽土方\n3.弃土运距:根据现场实际情况自主考虑\n4.其他:未尽事宜参见施工图说明、图纸答疑、要求及相关规范图集",null,"m3","278.16",12.39,3446.4]
[13,"010103001001","回填方","1.名称:回填土\n2.填方材料品种:原土\n3.填方来源、运距:自行考虑\n4.其他:未尽事宜参见施工图说明、图纸答疑、要求及相关规范图集",null,"m3","139.08",9.82,1365.77]
[14,"010103001002","回填方","1.名称:回填砂\n2.填方来源、运距:自行考虑\n3.其他:未尽事宜参见施工图说明、图纸答疑、要求及相关规范图集",null,"m3","139.08",206.8,28761.74]
[15,"010103002001","余方弃置","1.名称:余方弃置\n2.运距:自行考虑\n3.其他:未尽事宜参见施工图说明、图纸答疑、要求及相关规范图集",null,"m3","139.08",29.51,4104.25]
[null,null,"分部小计",{"$nulls":5},147557.05]
[null,null,"电气工程",{"$nulls":5},418014.73]
[1,"030404004001","低压开关柜(屏）","1.名称:馈线柜1AA6\n2.规格:800*1000*2200\n3.其他:未尽事宜参见施工图说明、图纸答疑、要求及相关规范图集",null,"台","1",12059.07,12059.07]
["本页小计",{"$nulls":7},49737.23]
["注：为计取规费等的使用，可在表中增设其中：“定额人工费”。"]
[{"$nulls":9},"表—08"]
["分部分项工程和单价措施项目清单与计价表"]
["工程名称：室外工程",{"$nulls":3},"标段：温县托育综合服务中心建设项目-室外配套及景观绿化",{"$nulls":4},"第 4 页 共 7 页"]
["序号","项目编码","项目名称","项目特征描述",null,"计量单位","工程量","金 额(元)"]
[{"$nulls":7},"综合单价","合 价",null,"其中"]
[{"$nulls":10},"暂估价"]
[2,"030404004002","低压开关柜(屏）","1.名称:馈线柜2AA6\n2.规格:800*1000*2200\n3.其他:未尽事宜参见施工图说明、图纸答疑、要求及相关规范图集",null,"台","1",11230.87,11230.87]
[3,"040205001001","三通井1200*1200*1800","1.名称:三通井\n2.规格尺寸:1200*1200*1800\n3.其他:未尽事宜参见施工图说明、图纸答疑、要求及相关规范图集",null,"座","2",20000,40000]
[4,"040205001002","转角井1200*1200*1800","1.名称:转角井\n2.规格尺寸:1200*1200*1800\n3.其他:未尽事宜参见施工图说明、图纸答疑、要求及相关规范图集",null,"座","3",15000,45000]
[5,"040205001003","人（手)孔井","1.名称:人（手)孔井\n2.其他:未尽事宜参见施工图说明、图纸答疑、要求及相关规范图集",null,"座","4",3500,14000]
[6,"030408001001","电力电缆","1.名称:电力电缆\n2.型号:WDZNYJY-0.6/1kV-5X16\n3.其他:未尽事宜参见施工图说明、图纸答疑、要求及相关规范图集",null,"m","200",74.62,14924]
[7,"030408001002","电力电缆","1.名称:电力电缆\n2.型号:WDZYJY-0.6/1KV-4x185+1x95\n3.其他:未尽事宜参见施工图说明、图纸答疑、要求及相关规范图集",null,"m","226",487.49,110172.74]
["本页小计",{"$nulls":7},235327.61]
["注：为计取规费等的使用，可在表中增设其中：“定额人工费”。"]
[{"$nulls":9},"表—08"]
["分部分项工程和单价措施项目清单与计价表"]
["工程名称：室外工程",{"$nulls":3},"标段：温县托育综合服务中心建设项目-室外配套及景观绿化",{"$nulls":4},"第 5 页 共 7 页"]
["序号","项目编码","项目名称","项目特征描述",null,"计量单位","工程量","金 额(元)"]
[{"$nulls":7},"综合单价","合 价",null,"其中"]
[{"$nulls":10},"暂估价"]
[8,"030408001003","电力电缆","1.名称:电力电缆\n2.型号:WDZNYJY-0.6/1kV-5X16\n3.其他:未尽事宜参见施工图说明、图纸答疑、要求及相关规范图集",null,"m","452",74.62,33728.24]
[9,"030408001004","电力电缆","1.名称:电力电缆\n2.型号:WDZYJY-0.6/1kV-4x150+1x70\n3.其他:未尽事宜参见施工图说明、图纸答疑、要求及相关规范图集",null,"m","118",461.17,54418.06]
[10,"030408001005","电力电缆","1.名称:电力电缆\n2.型号:WDZNYJY-0.6/1kV-5X16\n3.其他:未尽事宜参见施工图说明、图纸答疑、要求及相关规范图集",null,"m","236",74.62,17610.32]
[11,"030408003001","电缆保护管","1.名称:电缆保护管\n2.规格:SC50\n3.敷设方式:埋地\n4.其他:未尽事宜参见施工图说明、图纸答疑、要求及相关规范图集",null,"m","780",31.34,24445.2]
[12,"030408003002","电缆保护管","1.名称:电缆保护管\n2.规格:SC150\n3.敷设方式:埋地\n4.其他:未尽事宜参见施工图说明、图纸答疑、要求及相关规范图集",null,"m","240",90.39,21693.6]
["本页小计",{"$nulls":7},151895.42]
["注：为计取规费等的使用，可在表中增设其中：“定额人工费”。"]
[{"$nulls":9},"表—08"]
["分部分项工程和单价措施项目清单与计价表"]
["工程名称：室外工程",{"$nulls":3},"标段：温县托育综合服务中心建设项目-室外配套及景观绿化",{"$nulls":4},"第 6 页 共 7 页"]
["序号","项目编码","项目名称","项目特征描述",null,"计量单位","工程量","金 额(元)"]
[{"$nulls":7},"综合单价","合 价",null,"其中"]
[{"$nulls":10},"暂估价"]
[13,"030408003003","电缆保护管","1.名称:电缆保护管\n2.规格:PC32\n3.敷设方式:埋地\n4.其他:未尽事宜参见施工图说明、图纸答疑、要求及相关规范图集",null,"m","749",6.89,5160.61]
[14,"030408003004","电缆保护管","1.名称:电缆保护管\n2.规格:HDPE110\n3.敷设方式:埋地\n4.其他:未尽事宜参见施工图说明、图纸答疑、要求及相关规范图集",null,"m","107",42.84,4583.88]
[15,"030408006001","电力电缆头","1.名称:电力电缆终端头\n2.芯数:五芯\n3.规格:电缆截面≤16mm\n4.电压等级（kV):1kv以下\n5.其他:未尽事宜参见施工图说明、图纸答疑、要求及相关规范图集",null,"个","16",214.64,3434.24]
[16,"030408006002","电力电缆头","1.名称:电力电缆终端头\n2.芯数:五芯\n3.规格:4*185+1*95\n4.电压等级（kV):1kv以下\n5.其他:未尽事宜参见施工图说明、图纸答疑、要求及相关规范图集",null,"个","4",959.65,3838.6]
[17,"030408006003","电力电缆头","1.名称:电力电缆终端头\n2.芯数:五芯\n3.规格:4*150+1*70\n4.电压等级（kV):1kv以下\n5.其他:未尽事宜参见施工图说明、图纸答疑、要求及相关规范图集",null,"个","2",857.65,1715.3]
["本页小计",{"$nulls":7},18732.63]
["注：为计取规费等的使用，可在表中增设其中：“定额人工费”。"]
[{"$nulls":9},"表—08"]
["分部分项工程和单价措施项目清单与计价表"]
["工程名称：室外工程",{"$nulls":3},"标段：温县托育综合服务中心建设项目-室外配套及景观绿化",{"$nulls":4},"第 7 页 共 7 页"]
["序号","项目编码","项目名称","项目特征描述",null,"计量单位","工程量","金 额(元)"]
[{"$nulls":7},"综合单价","合 价",null,"其中"]
[{"$nulls":10},"暂估价"]
[null,null,"分部小计",{"$nulls":5},418014.73]
[null,null,"措施项目"]
{"$rows_empty":27}
["本页小计"]
["合  计",{"$nulls":7},565571.78]
["注：为计取规费等的使用，可在表中增设其中：“定额人工费”。"]
[{"$nulls":9},"表—08"]

{"sheet":"表-11 总价措施项目清单与计价汇总表【室外工程】","index":7,"n_rows":34,"n_cols":11,"rows_kept":34,"merged":[[0,0,0,10],[1,0,1,3],[1,4,1,7],[1,8,1,10],[2,3,2,4],[2,7,2,8],[3,3,3,4],[3,7,3,8],[4,3,4,4],[4,7,4,8],[5,3,5,4],[5,7,5,8],[6,3,6,4],[6,7,6,8],[7,3,7,4],[7,7,7,8],[8,3,8,4],[8,7,8,8],[9,3,9,4],[9,7,9,8],[10,3,10,4],[10,7,10,8],[11,3,11,4],[11,7,11,8],[12,3,12,4],[12,7,12,8],[13,3,13,4],[13,7,13,8],[14,3,14,4],[14,7,14,8],[15,3,15,4],[15,7,15,8],[16,3,16,4],[16,7,16,8],[17,3,17,4],[17,7,17,8],[18,3,18,4],[18,7,18,8],[19,3,19,4],[19,7,19,8],[20,3,20,4],[20,7,20,8],[21,3,21,4],[21,7,21,8],[22,3,22,4],[22,7,22,8],[23,3,23,4],[23,7,23,8],[24,3,24,4],[24,7,24,8],[25,3,25,4],[25,7,25,8],[26,3,26,4],[26,7,26,8],[27,3,27,4],[27,7,27,8],[28,3,28,4],[28,7,28,8],[29,3,29,4],[29,7,29,8],[30,0,30,5],[30,7,30,8],[31,0,31,3],[31,4,31,7],[31,8,31,10],[32,0,32,10],[33,0,33,3],[33,4,33,7],[33,8,33,10]]}
["总价措施项目清单与计价表"]
["工程名称：室外工程",{"$nulls":3},"标段：温县托育综合服务中心建设项目-室外配套及景观绿化",{"$nulls":3},"第 1 页 共 1 页"]
["序号","项目编码","项 目 名 称","计 算 基 础",null,"费率(%)","金 额(元)","调整费\n率(%)",null,"调整后金额\n(元)","备 注"]
["1","011707001001","安全文明施工费","分部分项安全文明施工费+单价措施安全文明施工费",null,null,5970.28]
["2","01","其他措施费（费率类）",{"$nulls":3},2614.77]
["2.1","011707002001","夜间施工增加费","分部分项其他措施费+单价措施其他措施费",null,"25",653.69]
["2.2","011707004001","二次搬运费","分部分项其他措施费+单价措施其他措施费",null,"50",1307.39]
["2.3","011707005001","冬雨季施工增加费","分部分项其他措施费+单价措施其他措施费",null,"25",653.69]
["3","02","其他（费率类）"]
{"$rows_empty":21}
["合  计",{"$nulls":5},8585.05]
["编制人（造价人员）：",{"$nulls":3},"复核人（造价工程师）："]
["注：1.“计算基础”中安全文明施工费可为“定额基价”、“定额人工费”或“定额人工费+定额机械费”，其他项目可为“定额人工费”或“定额人工费+定额机械费”。\n    2.按施工方案计算的措施费，若无“计算基础”和“费率”的数值，也可只填“金额”数值，但应在备注栏说明施工方案出处或计算方法。"]
[{"$nulls":8},"表-11"]

{"sheet":"表-12 其他项目清单与计价汇总表【室外工程】","index":8,"n_rows":38,"n_cols":7,"rows_kept":38,"merged":[[0,0,0,6],[1,0,1,2],[1,3,1,4],[1,5,1,6],[2,2,2,3],[2,4,2,5],[3,2,3,3],[3,4,3,5],[4,2,4,3],[4,4,4,5],[5,2,5,3],[5,4,5,5],[6,2,6,3],[6,4,6,5],[7,2,7,3],[7,4,7,5],[8,2,8,3],[8,4,8,5],[9,2,9,3],[9,4,9,5],[10,2,10,3],[10,4,10,5],[11,2,11,3],[11,4,11,5],[12,2,12,3],[12,4,12,5],[13,2,13,3],[13,4,13,5],[14,2,14,3],[14,4,14,5],[15,2,15,3],[15,4,15,5],[16,2,16,3],[16,4,16,5],[17,2,17,3],[17,4,17,5],[18,2,18,3],[18,4,18,5],[19,2,19,3],[19,4,19,5],[20,2,20,3],[20,4,20,5],[21,2,21,3],[21,4,21,5],[22,2,22,3],[22,4,22,5],[23,2,23,3],[23,4,23,5],[24,2,24,3],[24,4,24,5],[25,2,25,3],[25,4,25,5],[26,2,26,3],[26,4,26,5],[27,2,27,3],[27,4,27,5],[28,2,28,3],[28,4,28,5],[29,2,29,3],[29,4,29,5],[30,2,30,3],[30,4,30,5],[31,2,31,3],[31,4,31,5],[32,2,32,3],[32,4,32,5],[33,2,33,3],[33,4,33,5],[34,2,34,3],[34,4,34,5],[35,0,35,1],[35,2,35,3],[35,4,35,5],[36,0,36,6],[37,0,37,2],[37,3,37,4],[37,5,37,6]]}
["其他项目清单与计价汇总表"]
["工程名称：室外工程",null,null,"标段：温县托育综合服务中心建设项目-室外配套及景观绿化",null,"第 1 页 共 1 页"]
["序号","项 目 名 称","金 额(元)",null,"结算金额(元)",null,"备 注"]
["1","暂列金额",{"$nulls":4},"明细详见表-12-1"]
["2","暂估价"]
["2.1","材料（工程设备）暂估价","—      ",{"$nulls":3},"明细详见表-12-2"]
["2.2","专业工程暂估价",{"$nulls":4},"明细详见表-12-3"]
["3","计日工",{"$nulls":4},"明细详见表-12-4"]
["4","总承包服务费",{"$nulls":4},"明细详见表-12-5"]
{"$rows_empty":26}
["合  计",null,"0",{"$nulls":3},"—"]
["注：材料（工程设备）暂估单价进入清单项目综合单价，此处不汇总。"]
[{"$nulls":5},"表—12"]

{"sheet":"表-12-1 暂列金额明细表【室外工程】","index":9,"n_rows":38,"n_cols":7,"rows_kept":38,"merged":[[0,0,0,6],[1,0,1,1],[1,2,1,4],[1,5,1,6],[2,1,2,2],[2,4,2,5],[3,1,3,2],[3,4,3,5],[4,1,4,2],[4,4,4,5],[5,1,5,2],[5,4,5,5],[6,1,6,2],[6,4,6,5],[7,1,7,2],[7,4,7,5],[8,1,8,2],[8,4,8,5],[9,1,9,2],[9,4,9,5],[10,1,10,2],[10,4,10,5],[11,1,11,2],[11,4,11,5],[12,1,12,2],[12,4,12,5],[13,1,13,2],[13,4,13,5],[14,1,14,2],[14,4,14,5],[15,1,15,2],[15,4,15,5],[16,1,16,2],[16,4,16,5],[17,1,17,2],[17,4,17,5],[18,1,18,2],[18,4,18,5],[19,1,19,2],[19,4,19,5],[20,1,20,2],[20,4,20,5],[21,1,21,2],[21,4,21,5],[22,1,22,2],[22,4,22,5],[23,1,23,2],[23,4,23,5],[24,1,24,2],[24,4,24,5],[25,1,25,2],[25,4,25,5],[26,1,26,2],[26,4,26,5],[27,1,27,2],[27,4,27,5],[28,1,28,2],[28,4,28,5],[29,1,29,2],[29,4,29,5],[30,1,30,2],[30,4,30,5],[31,1,31,2],[31,4,31,5],[32,1,32,2],[32,4,32,5],[33,1,33,2],[33,4,33,5],[34,1,34,2],[34,4,34,5],[35,0,35,3],[35,4,35,5],[36,0,36,6],[37,0,37,1],[37,2,37,4],[37,5,37,6]]}
["暂列金额明细表"]
["工程名称：室外工程",null,"标段：温县托育综合服务中心建设项目-室外配套及景观绿化",null,null,"第 1 页 共 1 页"]
["序号","项 目 名 称",null,"计量单位","暂定金额(元)",null,"备 注"]
{"$rows_empty":32}
["合  计",{"$nulls":5},"—"]
["注：此表由招标人填写，如不能详列，也可只列暂定金额总额，投标人应将上述暂列金额计入投标总价中。"]
[{"$nulls":5},"表—12—1"]

{"sheet":"表-12-2 材料(工程设备)暂估价及调整表【室外工程】","index":10,"n_rows":38,"n_cols":12,"rows_kept":38,"merged":[[0,0,0,11],[1,0,1,4],[1,5,1,8],[1,9,1,11],[2,0,3,0],[2,1,3,1],[2,2,3,2],[2,3,2,4],[2,5,2,6],[2,7,2,8],[2,9,2,10],[2,11,3,11],[35,0,35,2],[36,0,36,11],[37,0,37,4],[37,5,37,8],[37,9,37,11]]}
["材料（工程设备）暂估单价及调整表"]
["工程名称：室外工程",{"$nulls":4},"标段：温县托育综合服务中心建设项目-室外配套及景观绿化",{"$nulls":3},"第 1 页 共 1 页"]
["序号","材料(工程设备)\n名称、规格、型号","计量\n单位","数 量",null,"暂 估(元)",null,"确 认(元)",null,"差额±(元)",null,"备 注"]
[{"$nulls":3},"暂 估","确 认","单 价","合 价","单 价","合 价","单 价","合 价"]
{"$rows_empty":31}
["合  计"]
["注：此表由招标人填写“暂估单价”，并在备注栏说明暂估价的材料、工程设备拟用在那些清单项目上，投标人应将上述材料、工程设备暂估单价计入工程量清单综合单价报价中。"]
[{"$nulls":9},"表—12—2"]

{"sheet":"表-12-3 专业工程暂估价及结算价表【室外工程】","index":11,"n_rows":38,"n_cols":9,"rows_kept":38,"merged":[[0,0,0,8],[1,0,1,2],[1,3,1,5],[1,6,1,8],[2,2,2,3],[2,5,2,6],[3,2,3,3],[3,5,3,6],[4,2,4,3],[4,5,4,6],[5,2,5,3],[5,5,5,6],[6,2,6,3],[6,5,6,6],[7,2,7,3],[7,5,7,6],[8,2,8,3],[8,5,8,6],[9,2,9,3],[9,5,9,6],[10,2,10,3],[10,5,10,6],[11,2,11,3],[11,5,11,6],[12,2,12,3],[12,5,12,6],[13,2,13,3],[13,5,13,6],[14,2,14,3],[14,5,14,6],[15,2,15,3],[15,5,15,6],[16,2,16,3],[16,5,16,6],[17,2,17,3],[17,5,17,6],[18,2,18,3],[18,5,18,6],[19,2,19,3],[19,5,19,6],[20,2,20,3],[20,5,20,6],[21,2,21,3],[21,5,21,6],[22,2,22,3],[22,5,22,6],[23,2,23,3],[23,5,23,6],[24,2,24,3],[24,5,24,6],[25,2,25,3],[25,5,25,6],[26,2,26,3],[26,5,26,6],[27,2,27,3],[27,5,27,6],[28,2,28,3],[28,5,28,6],[29,2,29,3],[29,5,29,6],[30,2,30,3],[30,5,30,6],[31,2,31,3],[31,5,31,6],[32,2,32,3],[32,5,32,6],[33,2,33,3],[33,5,33,6],[34,2,34,3],[34,5,34,6],[35,0,35,3],[35,5,35,6],[36,0,36,8],[37,0,37,2],[37,3,37,5],[37,6,37,8]]}
["专业工程暂估价及结算价表"]
["工程名称：室外工程",null,null,"标段：温县托育综合服务中心建设项目-室外配套及景观绿化",null,null,"第 1 页 共 1 页"]
["序号","工 程 名 称","工程内容",null,"暂估金额\n（元）","结算金额\n(元)",null,"差额±(元)","备 注"]
{"$rows_empty":32}
["合  计",{"$nulls":3},"0.00",{"$nulls":3},"—"]
["注：此表“暂估金额”由招标人填写，投标人应将“暂估金额”计入投标总价中。结算时按合同约定结算金额填写。"]
[{"$nulls":6},"表—12—3"]

{"sheet":"表-12-4 计日工表【室外工程】","index":12,"n_rows":38,"n_cols":10,"rows_kept":38,"merged":[[0,0,0,9],[1,0,1,3],[1,4,1,6],[1,7,1,9],[2,0,3,0],[2,1,3,1],[2,2,3,2],[2,3,3,4],[2,5,3,5],[2,6,3,7],[2,8,2,9],[4,3,4,4],[4,6,4,7],[5,3,5,4],[5,6,5,7],[6,0,6,7],[7,3,7,4],[7,6,7,7],[8,3,8,4],[8,6,8,7],[9,0,9,7],[10,3,10,4],[10,6,10,7],[11,3,11,4],[11,6,11,7],[12,0,12,7],[13,3,13,4],[13,6,13,7],[14,3,14,4],[14,6,14,7],[15,3,15,4],[15,6,15,7],[16,3,16,4],[16,6,16,7],[17,3,17,4],[17,6,17,7],[18,3,18,4],[18,6,18,7],[19,3,19,4],[19,6,19,7],[20,3,20,4],[20,6,20,7],[21,3,21,4],[21,6,21,7],[22,3,22,4],[22,6,22,7],[23,3,23,4],[23,6,23,7],[24,3,24,4],[24,6,24,7],[25,3,25,4],[25,6,25,7],[26,3,26,4],[26,6,26,7],[27,3,27,4],[27,6,27,7],[28,3,28,4],[28,6,28,7],[29,3,29,4],[29,6,29,7],[30,3,30,4],[30,6,30,7],[31,3,31,4],[31,6,31,7],[32,3,32,4],[32,6,32,7],[33,3,33,4],[33,6,33,7],[34,3,34,4],[34,6,34,7],[35,0,35,7],[36,0,36,9],[37,0,37,3],[37,4,37,6],[37,7,37,9]]}
["计 日 工 表"]
["工程名称：室外工程",{"$nulls":3},"标段：温县托育综合服务中心建设项目-室外配套及景观绿化",null,null,"第 1 页 共 1 页"]
["编号","项 目 名 称","单位","暂定数量",null,"实际数量","综合单价\n(元)",null,"合 价(元)"]
[{"$nulls":8},"暂 定","实 际"]
["一","人工"]
[1]
["人工小计"]
["二","材料"]
[1]
["材料小计"]
["三","施工机械"]
[1]
["施工机械小计"]
["四","企业管理费和利润"]
{"$rows_empty":21}
["总  计"]
["注：此表项目名称、暂定数量由招标人填写，编制招标控制价时，单价由招标人按有关计价规定确定；投标时，单价由投标人自主报价，按暂定数量计算合价计入投标总价中。结算时，按发承包双方确认的实际数量计算合价。"]
[{"$nulls":7},"表—12—4"]

{"sheet":"表-12-5 总承包服务费计价表【室外工程】","index":13,"n_rows":38,"n_cols":9,"rows_kept":38,"merged":[[0,0,0,8],[1,0,1,2],[1,3,1,5],[1,6,1,8],[2,2,2,3],[2,5,2,6],[3,2,3,3],[3,5,3,6],[4,2,4,3],[4,5,4,6],[5,2,5,3],[5,5,5,6],[6,2,6,3],[6,5,6,6],[7,2,7,3],[7,5,7,6],[8,2,8,3],[8,5,8,6],[9,2,9,3],[9,5,9,6],[10,2,10,3],[10,5,10,6],[11,2,11,3],[11,5,11,6],[12,2,12,3],[12,5,12,6],[13,2,13,3],[13,5,13,6],[14,2,14,3],[14,5,14,6],[15,2,15,3],[15,5,15,6],[16,2,16,3],[16,5,16,6],[17,2,17,3],[17,5,17,6],[18,2,18,3],[18,5,18,6],[19,2,19,3],[19,5,19,6],[20,2,20,3],[20,5,20,6],[21,2,21,3],[21,5,21,6],[22,2,22,3],[22,5,22,6],[23,2,23,3],[23,5,23,6],[24,2,24,3],[24,5,24,6],[25,2,25,3],[25,5,25,6],[26,2,26,3],[26,5,26,6],[27,2,27,3],[27,5,27,6],[28,2,28,3],[28,5,28,6],[29,2,29,3],[29,5,29,6],[30,2,30,3],[30,5,30,6],[31,2,31,3],[31,5,31,6],[32,2,32,3],[32,5,32,6],[33,2,33,3],[33,5,33,6],[34,2,34,3],[34,5,34,6],[35,2,35,3],[35,5,35,6],[36,0,36,8],[37,0,37,2],[37,3,37,5],[37,6,37,8]]}
["总承包服务费计价表"]
["工程名称：室外工程",null,null,"标段：温县托育综合服务中心建设项目-室外配套及景观绿化",null,null,"第 1 页 共 1 页"]
["序号","项 目 名 称","项目价值（元）",null,"服务内容","计算基础",null,"费率(%)","金 额(元)"]
{"$rows_empty":32}
[null,"合    计","-",null,"-",null,null,"-"]
["注：此表项目名称、服务内容由招标人填写，编制招标控制价时，费率及金额由招标人按有关计价规定确定；投标时，费率及金额由投标人自主报价，计入投标总价中。"]
[{"$nulls":6},"表—12—5"]

{"sheet":"表-13 规费、税金项目计价表【室外工程】","index":14,"n_rows":37,"n_cols":8,"rows_kept":37,"merged":[[0,0,0,7],[1,0,1,2],[1,3,1,5],[1,6,1,7],[2,2,2,3],[2,5,2,6],[3,2,3,3],[3,5,3,6],[4,2,4,3],[4,5,4,6],[5,2,5,3],[5,5,5,6],[6,2,6,3],[6,5,6,6],[7,2,7,3],[7,5,7,6],[8,2,8,3],[8,5,8,6],[9,2,9,3],[9,5,9,6],[10,2,10,3],[10,5,10,6],[11,2,11,3],[11,5,11,6],[12,2,12,3],[12,5,12,6],[13,2,13,3],[13,5,13,6],[14,2,14,3],[14,5,14,6],[15,2,15,3],[15,5,15,6],[16,2,16,3],[16,5,16,6],[17,2,17,3],[17,5,17,6],[18,2,18,3],[18,5,18,6],[19,2,19,3],[19,5,19,6],[20,2,20,3],[20,5,20,6],[21,2,21,3],[21,5,21,6],[22,2,22,3],[22,5,22,6],[23,2,23,3],[23,5,23,6],[24,2,24,3],[24,5,24,6],[25,2,25,3],[25,5,25,6],[26,2,26,3],[26,5,26,6],[27,2,27,3],[27,5,27,6],[28,2,28,3],[28,5,28,6],[29,2,29,3],[29,5,29,6],[30,2,30,3],[30,5,30,6],[31,2,31,3],[31,5,31,6],[32,2,32,3],[32,5,32,6],[33,2,33,3],[33,5,33,6],[34,0,34,4],[34,5,34,6],[35,0,35,2],[35,3,35,7],[36,0,36,2],[36,3,36,5],[36,6,36,7]]}
["规费、税金项目计价表"]
["工程名称：室外工程",null,null,"标段：温县托育综合服务中心建设项目-室外配套及景观绿化",null,null,"第 1 页 共 1 页"]
["序号","项 目 名 称","计 算 基 础",null,"计算基数","计算费率\n(%)",null,"金 额(元)"]
["1","规费","定额规费+工程排污费+其他",null,7045.76,null,null,7045.76]
["1.1","定额规费","分部分项规费+单价措施规费",null,7045.76,null,null,7045.76]
["1.2","工程排污费"]
["1.3","其他"]
["2","增值税","不含税工程造价合计",null,581202.59,"9",null,52308.23]
{"$rows_empty":26}
["合  计",{"$nulls":6},59353.99]
[" 编制人（造价人员）：",null,null,"复核人（造价工程师）："]
[{"$nulls":6},"表—13"]

{"sheet":"表-14 主要材料价格表【室外工程】","index":15,"n_rows":23,"n_cols":10,"rows_kept":23,"merged":[[0,0,0,9],[1,0,1,1],[1,2,1,7],[1,8,1,9],[2,1,2,2],[2,7,2,8],[3,1,3,2],[3,7,3,8],[4,1,4,2],[4,7,4,8],[5,1,5,2],[5,7,5,8],[6,1,6,2],[6,7,6,8],[7,1,7,2],[7,7,7,8],[8,1,8,2],[8,7,8,8],[9,1,9,2],[9,7,9,8],[10,1,10,2],[10,7,10,8],[11,1,11,2],[11,7,11,8],[12,1,12,2],[12,7,12,8],[13,1,13,2],[13,7,13,8],[14,1,14,2],[14,7,14,8],[15,1,15,2],[15,7,15,8],[16,1,16,2],[16,7,16,8],[17,1,17,2],[17,7,17,8],[18,1,18,2],[18,7,18,8],[19,1,19,2],[19,7,19,8],[20,1,20,2],[20,7,20,8],[21,1,21,2],[21,7,21,8],[22,1,22,2],[22,7,22,8],[23,1,23,2],[23,7,23,8],[24,1,24,2],[24,7,24,8],[25,1,25,2],[25,7,25,8],[26,1,26,2],[26,7,26,8],[27,1,27,2],[27,7,27,8],[28,1,28,2],[28,7,28,8],[29,1,29,2],[29,7,29,8],[30,1,30,2],[30,7,30,8],[31,1,31,2],[31,7,31,8],[32,1,32,2],[32,7,32,8],[33,1,33,2],[33,7,33,8],[34,1,34,2],[34,7,34,8]]}
["主要材料价格表"]
["工程名称：",null,"室外工程",{"$nulls":5},"第 1 页 共 1 页"]
["序号","材料编码",null,"材料名称","规格、型号\n等特殊要求","单位","数 量","单 价",null,"合 价"]
[1,"28110000@2",null,"WDZYJY-0.6/1KV-4x185+1x95-SC150-FC","截面≤240mm2","m",228.26,460.358,null,105081.32]
[2,"BCCLF9",null,"转角井1200*1200*1800",null,"座",3,15000,null,45000]
[3,"28110000@1",null,"WDZNYJY-0.6/1kV-5X16-SC50-FC","截面≤50mm2","m",896.88,64.174,null,57556.38]
[4,"28110000@3",null,"WDZYJY-0.6/1kV-4x150+1x70-SC150-FC","截面≤240mm2","m",119.18,434.3,null,51759.87]
[5,"BCCLF4@1",null,"三通井1200*1200*1800",null,"座",2,20000,null,40000]
[6,"补充主材001@1",null,"馈线柜2AA6","800*1000*2200","台",1,10171.8,null,10171.8]
[7,"补充主材001@2",null,"馈线柜1AA6","800*1000*2200","台",1,11000,null,11000]
[8,"17070211@1",null,"消防管DN150","综合","m",252.2475,88.96,null,22439.94]
[9,"17010131@3",null,"钢管","直径≤150mm","m",247.2,73.916,null,18272.04]
[10,"17010131@2",null,"钢管","直径≤50mm","m",803.4,19.377,null,15567.48]
[11,"BCCLF13",null,"人（手)孔井",null,"座",4,3500,null,14000]
[12,"04030139",null,"砂子",null,"m3",160.303608,144,null,23083.72]
[13,"17010131@1",null,"喷淋管DN150","公称直径150mm以内","m",98.778,88.96,null,8787.29]
[14,"80210559",null,"预拌混凝土","C25","m3",22.653,370,null,8381.61]
[15,"17250261@1",null,"污水管De300","管外径315mm以内","m",79.06,97,null,7668.82]
[16,"BCCLF4",null,"璃钢隔油池",null,"座",1,6500,null,6500]
[17,"36010139",null,"铸铁井盖、井座","φ700重型","套",9,548.67,null,4938.03]
[18,"17250261-1@2",null,"HDPE110","直径≤100mm","m",110.21,38.56,null,4249.7]
[19,"17250261@3",null,"雨水管De200","管外径250mm以内","m",59.73,58,null,3464.34]
[20,"17250261-1@1",null,"PC32","PC32","m",771.47,4.17,null,3217.03]

{"sheet":"表-04 单位工程招标控制价汇总表【景观工程】","index":16,"n_rows":31,"n_cols":6,"rows_kept":31,"merged":[[0,0,0,3],[0,4,0,5],[1,0,1,5],[2,0,2,1],[2,2,2,3],[2,4,2,5],[3,1,3,2],[3,3,3,4],[4,1,4,2],[4,3,4,4],[5,1,5,2],[5,3,5,4],[6,1,6,2],[6,3,6,4],[7,1,7,2],[7,3,7,4],[8,1,8,2],[8,3,8,4],[9,1,9,2],[9,3,9,4],[10,1,10,2],[10,3,10,4],[11,1,11,2],[11,3,11,4],[12,1,12,2],[12,3,12,4],[13,1,13,2],[13,3,13,4],[14,1,14,2],[14,3,14,4],[15,1,15,2],[15,3,15,4],[16,1,16,2],[16,3,16,4],[17,1,17,2],[17,3,17,4],[18,1,18,2],[18,3,18,4],[19,1,19,2],[19,3,19,4],[20,1,20,2],[20,3,20,4],[21,1,21,2],[21,3,21,4],[22,1,22,2],[22,3,22,4],[23,1,23,2],[23,3,23,4],[24,1,24,2],[24,3,24,4],[25,1,25,2],[25,3,25,4],[26,1,26,2],[26,3,26,4],[27,1,27,2],[27,3,27,4],[28,0,28,2],[28,3,28,4],[29,0,29,5],[30,0,30,1],[30,2,30,3],[30,4,30,5]]}
[]
["单位工程招标控制价汇总表"]
["工程名称：景观工程",null,"标段：温县托育综合服务中心建设项目-室外配套及景观绿化",null,"第 1 页 共 1 页"]
["序号","汇 总 内 容",null,"金 额(元)",null,"其中：暂估价(元)"]
["1","分部分项工程",null,345777.4]
["1.1","悬浮地板",null,154885.15]
["1.2","沙坑",null,12763.23]
["1.3","升旗台",null,66807.36]
["1.4","围墙",null,111321.66]
["2","措施项目",null,7353.68]
["2.1","其中：安全文明施工费",null,5036.33]
["2.2","其他措施费（费率类）",null,2317.35]
["2.3","单价措施费"]
["3","其他项目",{"$nulls":3},"－"]
["3.1","其中：1）暂列金额",{"$nulls":3},"－"]
["3.2","2）专业工程暂估价",{"$nulls":3},"－"]
["3.3","3）计日工",{"$nulls":3},"－"]
["3.4","4）总承包服务费",{"$nulls":3},"－"]
["3.5","5）其他",{"$nulls":3},"－"]
["4","规费",null,6244.46,null,"－"]
["4.1","定额规费",null,6244.46,null,"－"]
["4.2","工程排污费",{"$nulls":3},"－"]
["4.3","其他"]
["5","不含税工程造价合计",null,359375.54]
["6","增值税",null,32343.8,null,"－"]
["7","含税工程造价合计",null,391719.34]
[]
[]
["招标控制价合计=1+2+3+4+6",null,null,"391,719.34",null,"0"]
["注：本表适用于单位工程招标控制价或投标报价的汇总，如无单位工程划分，单项工程也使用本表汇总。"]
[{"$nulls":4},"表—04"]

{"sheet":"表-08 分部分项工程和单价措施项目清单与计价表【景观工程】","index":17,"n_rows":78,"n_cols":11,"rows_kept":78,"merged":[[0,0,0,10],[1,0,1,3],[1,4,1,8],[1,9,1,10],[2,0,4,0],[2,1,4,1],[2,2,4,2],[2,3,4,4],[2,5,4,5],[2,6,4,6],[2,7,2,10],[3,7,4,7],[3,8,4,9],[5,3,5,4],[5,8,5,9],[6,3,6,4],[6,8,6,9],[7,3,7,4],[7,8,7,9],[8,3,8,4],[8,8,8,9],[9,3,9,4],[9,8,9,9],[10,3,10,4],[10,8,10,9],[11,3,11,4],[11,8,11,9],[12,3,12,4],[12,8,12,9],[13,3,13,4],[13,8,13,9],[14,0,14,7],[14,8,14,9],[15,0,15,10],[16,0,16,3],[16,4,16,8],[16,9,16,10],[17,0,17,10],[18,0,18,3],[18,4,18,8],[18,9,18,10],[19,0,21,0],[19,1,21,1],[19,2,21,2],[19,3,21,4],[19,5,21,5],[19,6,21,6],[19,7,19,10],[20,7,21,7],[20,8,21,9],[22,3,22,4],[22,8,22,9],[23,3,23,4],[23,8,23,9],[24,3,24,4],[24,8,24,9],[25,3,25,4],[25,8,25,9],[26,3,26,4],[26,8,26,9],[27,3,27,4],[27,8,27,9],[28,3,28,4],[28,8,28,9],[29,3,29,4],[29,8,29,9],[30,3,30,4],[30,8,30,9],[31,0,31,7],[31,8,31,9],[32,0,32,10],[33,0,33,3],[33,4,33,8],[33,9,33,10],[34,0,34,10],[35,0,35,3],[35,4,35,8],[35,9,35,10],[36,0,38,0],[36,1,38,1],[36,2,38,2],[36,3,38,4],[36,5,38,5],[36,6,38,6],[36,7,36,10],[37,7,38,7],[37,8,38,9],[39,3,39,4],[39,8,39,9],[40,3,40,4],[40,8,40,9],[41,3,41,4],[41,8,41,9],[42,3,42,4],[42,8,42,9],[43,3,43,4],[43,8,43,9],[44,3,44,4],[44,8,44,9],[45,3,45,4],[45,8,45,9],[46,0,46,7],[46,8,46,9],[47,0,47,10],[48,0,48,3],[48,4,48,8],[48,9,48,10],[49,0,49,10],[50,0,50,3],[50,4,50,8],[50,9,50,10],[51,0,53,0],[51,1,53,1],[51,2,53,2],[51,3,53,4],[51,5,53,5],[51,6,53,6],[51,7,51,10],[52,7,53,7],[52,8,53,9],[54,3,54,4],[54,8,54,9],[55,3,55,4],[55,8,55,9],[56,3,56,4],[56,8,56,9],[57,3,57,4],[57,8,57,9],[58,3,58,4],[58,8,58,9],[59,3,59,4],[59,8,59,9],[60,3,60,4],[60,8,60,9],[61,3,61,4],[61,8,61,9],[62,3,62,4],[62,8,62,9],[63,3,63,4],[63,8,63,9],[64,3,64,4],[64,8,64,9],[65,3,65,4],[65,8,65,9],[66,3,66,4],[66,8,66,9],[67,3,67,4],[67,8,67,9],[68,3,68,4],[68,8,68,9],[69,3,69,4],[69,8,69,9],[70,3,70,4],[70,8,70,9],[71,3,71,4],[71,8,71,9],[72,3,72,4],[72,8,72,9],[73,3,73,4],[73,8,73,9],[74,0,74,7],[74,8,74,9],[75,0,75,7],[75,8,75,9],[76,0,76,10],[77,0,77,3],[77,4,77,8],[77,9,77,10]]}
["分部分项工程和单价措施项目清单与计价表"]
["工程名称：景观工程",{"$nulls":3},"标段：温县托育综合服务中心建设项目-室外配套及景观绿化",{"$nulls":4},"第 1 页 共 4 页"]
["序号","项目编码","项目名称","项目特征描述",null,"计量单位","工程量","金 额(元)"]
[{"$nulls":7},"综合单价","合 价",null,"其中"]
[{"$nulls":10},"暂估价"]
[null,null,"悬浮地板",{"$nulls":5},154885.15]
[1,"011102003001","成品室外悬浮式拼装地板","1.成品室外悬浮式拼装地板\n2.30厚1:3水泥砂浆\n3.100厚C20透水混凝土垫层\n4.150厚级配碎石垫层\n5.素土夯实，夯实系数≥0.93\n6.其他:未尽事宜参见施工图说明、图纸答疑、要求及相关规范图集",null,"m2","804.64",192.49,154885.15]
[null,null,"分部小计",{"$nulls":5},154885.15]
[null,null,"沙坑",{"$nulls":5},12763.23]
[1,"011102003002","块料楼地面","1.400厚白色细沙\n2.100厚C20混凝土垫层\n3.150厚级配碎石垫层\n4.素土夯实，夯实系数≥0.93\n5.其他:未尽事宜参见施工图说明、图纸答疑、要求及相关规范图集",null,"m2","45.85",220.09,10091.13]
[2,"010401001001","砖基础","1.MU7.5砖砌体\n2.其他:未尽事宜参见施工图说明、图纸答疑、要求及相关规范图集",null,"m3","2.54",503.12,1277.92]
[3,"011102003003","块料楼地面","1.300*300*30烧面芝麻灰，25厚1:3水泥砂浆\n2.其他:未尽事宜参见施工图说明、图纸答疑、要求及相关规范图集",null,"m2","6.6",211.24,1394.18]
[null,null,"分部小计",{"$nulls":5},12763.23]
[null,null,"升旗台",{"$nulls":5},66807.36]
["本页小计",{"$nulls":7},167648.38]
["注：为计取规费等的使用，可在表中增设其中：“定额人工费”。"]
[{"$nulls":9},"表—08"]
["分部分项工程和单价措施项目清单与计价表"]
["工程名称：景观工程",{"$nulls":3},"标段：温县托育综合服务中心建设项目-室外配套及景观绿化",{"$nulls":4},"第 2 页 共 4 页"]
["序号","项目编码","项目名称","项目特征描述",null,"计量单位","工程量","金 额(元)"]
[{"$nulls":7},"综合单价","合 价",null,"其中"]
[{"$nulls":10},"暂估价"]
[1,"010501003001","独立基础","1.混凝土种类:预拌\n2.混凝土强度等级:C20\n3.混凝土运距：综合考虑\n4.含模板制安等费用\n5.其他:未尽事宜参见施工图说明、图纸答疑、要求及相关规范图集",null,"m3","4.96",597.15,2961.86]
[2,"010515001001","现浇构件钢筋","1.现浇构件钢筋\n2.其他:未尽事宜参见施工图说明、图纸答疑、要求及相关规范图集",null,"t","0.01",6243,62.43]
[3,"010516002001","预埋铁件","1.预埋铁件\n2.其他:未尽事宜参见施工图说明、图纸答疑、要求及相关规范图集",null,"t","0.16",8583.94,1373.43]
[4,"010516003001","地脚螺栓","1.地脚螺栓4-M24x1200\n2.其他:未尽事宜参见施工图说明、图纸答疑、要求及相关规范图集",null,"个","12",20.67,248.04]
[5,"011102001001","石材楼地面","1.20厚烧面贵妃红花岗岩\n2.其他:未尽事宜参见施工图说明、图纸答疑、要求及相关规范图集",null,"m2","12.42",272.45,3383.83]
[6,"011506002001","金属旗杆","1.金属旗杆15m\n2.其他:未尽事宜参见施工图说明、图纸答疑、要求及相关规范图集",null,"根","3",19592.59,58777.77]
[null,null,"分部小计",{"$nulls":5},66807.36]
[null,null,"围墙",{"$nulls":5},111321.66]
[1,"010101003001","挖沟槽土方","1.挖沟槽土方\n2.其他:未尽事宜参见施工图说明、图纸答疑、要求及相关规范图集",null,"m3","117.34",12.39,1453.84]
["本页小计",{"$nulls":7},68261.2]
["注：为计取规费等的使用，可在表中增设其中：“定额人工费”。"]
[{"$nulls":9},"表—08"]
["分部分项工程和单价措施项目清单与计价表"]
["工程名称：景观工程",{"$nulls":3},"标段：温县托育综合服务中心建设项目-室外配套及景观绿化",{"$nulls":4},"第 3 页 共 4 页"]
["序号","项目编码","项目名称","项目特征描述",null,"计量单位","工程量","金 额(元)"]
[{"$nulls":7},"综合单价","合 价",null,"其中"]
[{"$nulls":10},"暂估价"]
[2,"010103001001","回填方","1.回填方\n2.其他:未尽事宜参见施工图说明、图纸答疑、要求及相关规范图集",null,"m3","82.05",9.82,805.73]
[3,"010103002001","余方弃置","1.余方弃置15KM\n2.其他:未尽事宜参见施工图说明、图纸答疑、要求及相关规范图集",null,"m3","35.29",29.51,1041.41]
[4,"010401001002","砖基础","1.MU7.5砖砌体\n2.其他:未尽事宜参见施工图说明、图纸答疑、要求及相关规范图集",null,"m3","11.85",503.12,5961.97]
[5,"010401003001","实心砖墙","1.混水砖墙 1砖\n2.其他:未尽事宜参见施工图说明、图纸答疑、要求及相关规范图集",null,"m3","14.83",521.18,7729.1]
[6,"010404001001","垫层","1.现浇混凝土 垫层100mm\n2.垫层 砂石150mm厚\n3.其他:未尽事宜参见施工图说明、图纸答疑、要求及相关规范图集",null,"m2","70.04",64.43,4512.68]
[7,"010503004001","圈梁","1.混凝土种类:预拌\n2.混凝土强度等级:C30\n3.混凝土运距：综合考虑\n4.含模板制安等费用\n5.其他:未尽事宜参见施工图说明、图纸答疑、要求及相关规范图集",null,"m3","5.93",870.14,5159.93]
[8,"010515001002","现浇构件钢筋","1.现浇构件钢筋三级钢12\n2.其他:未尽事宜参见施工图说明、图纸答疑、要求及相关规范图集",null,"t","0.37",4575.35,1692.88]
["本页小计",{"$nulls":7},26903.7]
["注：为计取规费等的使用，可在表中增设其中：“定额人工费”。"]
[{"$nulls":9},"表—08"]
["分部分项工程和单价措施项目清单与计价表"]
["工程名称：景观工程",{"$nulls":3},"标段：温县托育综合服务中心建设项目-室外配套及景观绿化",{"$nulls":4},"第 4 页 共 4 页"]
["序号","项目编码","项目名称","项目特征描述",null,"计量单位","工程量","金 额(元)"]
[{"$nulls":7},"综合单价","合 价",null,"其中"]
[{"$nulls":10},"暂估价"]
[9,"010515001003","现浇构件钢筋","1.现浇构件钢筋三级钢箍筋8\n2.其他:未尽事宜参见施工图说明、图纸答疑、要求及相关规范图集",null,"t","0.2",6242.25,1248.45]
[10,"010516002002","预埋铁件","1.预埋铁件\n2.其他:未尽事宜参见施工图说明、图纸答疑、要求及相关规范图集",null,"t","0.04",8584,343.36]
[11,"011406001001","真石漆","1.真石漆\n2.其他:未尽事宜参见施工图说明、图纸答疑、要求及相关规范图集",null,"m2","148.32",88.21,13083.31]
[12,"011406001002","铁艺围栏","1.铁艺围栏\n2.其他:未尽事宜参见施工图说明、图纸答疑、要求及相关规范图集",null,"m2","175.1",390,68289]
[null,null,"分部小计",{"$nulls":5},111321.66]
[null,null,"措施项目"]
{"$rows_empty":14}
["本页小计",{"$nulls":7},82964.12]
["合  计",{"$nulls":7},345777.4]
["注：为计取规费等的使用，可在表中增设其中：“定额人工费”。"]
[{"$nulls":9},"表—08"]

{"sheet":"表-11 总价措施项目清单与计价汇总表【景观工程】","index":18,"n_rows":34,"n_cols":11,"rows_kept":34,"merged":[[0,0,0,10],[1,0,1,3],[1,4,1,7],[1,8,1,10],[2,3,2,4],[2,7,2,8],[3,3,3,4],[3,7,3,8],[4,3,4,4],[4,7,4,8],[5,3,5,4],[5,7,5,8],[6,3,6,4],[6,7,6,8],[7,3,7,4],[7,7,7,8],[8,3,8,4],[8,7,8,8],[9,3,9,4],[9,7,9,8],[10,3,10,4],[10,7,10,8],[11,3,11,4],[11,7,11,8],[12,3,12,4],[12,7,12,8],[13,3,13,4],[13,7,13,8],[14,3,14,4],[14,7,14,8],[15,3,15,4],[15,7,15,8],[16,3,16,4],[16,7,16,8],[17,3,17,4],[17,7,17,8],[18,3,18,4],[18,7,18,8],[19,3,19,4],[19,7,19,8],[20,3,20,4],[20,7,20,8],[21,3,21,4],[21,7,21,8],[22,3,22,4],[22,7,22,8],[23,3,23,4],[23,7,23,8],[24,3,24,4],[24,7,24,8],[25,3,25,4],[25,7,25,8],[26,3,26,4],[26,7,26,8],[27,3,27,4],[27,7,27,8],[28,3,28,4],[28,7,28,8],[29,3,29,4],[29,7,29,8],[30,0,30,5],[30,7,30,8],[31,0,31,3],[31,4,31,7],[31,8,31,10],[32,0,32,10],[33,0,33,3],[33,4,33,7],[33,8,33,10]]}
["总价措施项目清单与计价表"]
["工程名称：景观工程",{"$nulls":3},"标段：温县托育综合服务中心建设项目-室外配套及景观绿化",{"$nulls":3},"第 1 页 共 1 页"]
["序号","项目编码","项 目 名 称","计 算 基 础",null,"费率(%)","金 额(元)","调整费\n率(%)",null,"调整后金额\n(元)","备 注"]
["1","011707001001","安全文明施工费","分部分项安全文明施工费+单价措施安全文明施工费",null,null,5036.33]
["2","01","其他措施费（费率类）",{"$nulls":3},2317.35]
["2.1","011707002001","夜间施工增加费","分部分项其他措施费+单价措施其他措施费",null,"25",579.34]
["2.2","011707004001","二次搬运费","分部分项其他措施费+单价措施其他措施费",null,"50",1158.67]
["2.3","011707005001","冬雨季施工增加费","分部分项其他措施费+单价措施其他措施费",null,"25",579.34]
["3","02","其他（费率类）"]
{"$rows_empty":21}
["合  计",{"$nulls":5},7353.68]
["编制人（造价人员）：",{"$nulls":3},"复核人（造价工程师）："]
["注：1.“计算基础”中安全文明施工费可为“定额基价”、“定额人工费”或“定额人工费+定额机械费”，其他项目可为“定额人工费”或“定额人工费+定额机械费”。\n    2.按施工方案计算的措施费，若无“计算基础”和“费率”的数值，也可只填“金额”数值，但应在备注栏说明施工方案出处或计算方法。"]
[{"$nulls":8},"表-11"]

{"sheet":"表-12 其他项目清单与计价汇总表【景观工程】","index":19,"n_rows":38,"n_cols":7,"rows_kept":38,"merged":[[0,0,0,6],[1,0,1,2],[1,3,1,4],[1,5,1,6],[2,2,2,3],[2,4,2,5],[3,2,3,3],[3,4,3,5],[4,2,4,3],[4,4,4,5],[5,2,5,3],[5,4,5,5],[6,2,6,3],[6,4,6,5],[7,2,7,3],[7,4,7,5],[8,2,8,3],[8,4,8,5],[9,2,9,3],[9,4,9,5],[10,2,10,3],[10,4,10,5],[11,2,11,3],[11,4,11,5],[12,2,12,3],[12,4,12,5],[13,2,13,3],[13,4,13,5],[14,2,14,3],[14,4,14,5],[15,2,15,3],[15,4,15,5],[16,2,16,3],[16,4,16,5],[17,2,17,3],[17,4,17,5],[18,2,18,3],[18,4,18,5],[19,2,19,3],[19,4,19,5],[20,2,20,3],[20,4,20,5],[21,2,21,3],[21,4,21,5],[22,2,22,3],[22,4,22,5],[23,2,23,3],[23,4,23,5],[24,2,24,3],[24,4,24,5],[25,2,25,3],[25,4,25,5],[26,2,26,3],[26,4,26,5],[27,2,27,3],[27,4,27,5],[28,2,28,3],[28,4,28,5],[29,2,29,3],[29,4,29,5],[30,2,30,3],[30,4,30,5],[31,2,31,3],[31,4,31,5],[32,2,32,3],[32,4,32,5],[33,2,33,3],[33,4,33,5],[34,2,34,3],[34,4,34,5],[35,0,35,1],[35,2,35,3],[35,4,35,5],[36,0,36,6],[37,0,37,2],[37,3,37,4],[37,5,37,6]]}
["其他项目清单与计价汇总表"]
["工程名称：景观工程",null,null,"标段：温县托育综合服务中心建设项目-室外配套及景观绿化",null,"第 1 页 共 1 页"]
["序号","项 目 名 称","金 额(元)",null,"结算金额(元)",null,"备 注"]
["1","暂列金额",{"$nulls":4},"明细详见表-12-1"]
["2","暂估价"]
["2.1","材料（工程设备）暂估价","—      ",{"$nulls":3},"明细详见表-12-2"]
["2.2","专业工程暂估价",{"$nulls":4},"明细详见表-12-3"]
["3","计日工",{"$nulls":4},"明细详见表-12-4"]
["4","总承包服务费",{"$nulls":4},"明细详见表-12-5"]
{"$rows_empty":26}
["合  计",null,"0",{"$nulls":3},"—"]
["注：材料（工程设备）暂估单价进入清单项目综合单价，此处不汇总。"]
[{"$nulls":5},"表—12"]

{"sheet":"表-12-1 暂列金额明细表【景观工程】","index":20,"n_rows":38,"n_cols":7,"rows_kept":38,"merged":[[0,0,0,6],[1,0,1,1],[1,2,1,4],[1,5,1,6],[2,1,2,2],[2,4,2,5],[3,1,3,2],[3,4,3,5],[4,1,4,2],[4,4,4,5],[5,1,5,2],[5,4,5,5],[6,1,6,2],[6,4,6,5],[7,1,7,2],[7,4,7,5],[8,1,8,2],[8,4,8,5],[9,1,9,2],[9,4,9,5],[10,1,10,2],[10,4,10,5],[11,1,11,2],[11,4,11,5],[12,1,12,2],[12,4,12,5],[13,1,13,2],[13,4,13,5],[14,1,14,2],[14,4,14,5],[15,1,15,2],[15,4,15,5],[16,1,16,2],[16,4,16,5],[17,1,17,2],[17,4,17,5],[18,1,18,2],[18,4,18,5],[19,1,19,2],[19,4,19,5],[20,1,20,2],[20,4,20,5],[21,1,21,2],[21,4,21,5],[22,1,22,2],[22,4,22,5],[23,1,23,2],[23,4,23,5],[24,1,24,2],[24,4,24,5],[25,1,25,2],[25,4,25,5],[26,1,26,2],[26,4,26,5],[27,1,27,2],[27,4,27,5],[28,1,28,2],[28,4,28,5],[29,1,29,2],[29,4,29,5],[30,1,30,2],[30,4,30,5],[31,1,31,2],[31,4,31,5],[32,1,32,2],[32,4,32,5],[33,1,33,2],[33,4,33,5],[34,1,34,2],[34,4,34,5],[35,0,35,3],[35,4,35,5],[36,0,36,6],[37,0,37,1],[37,2,37,4],[37,5,37,6]]}
["暂列金额明细表"]
["工程名称：景观工程",null,"标段：温县托育综合服务中心建设项目-室外配套及景观绿化",null,null,"第 1 页 共 1 页"]
["序号","项 目 名 称",null,"计量单位","暂定金额(元)",null,"备 注"]
{"$rows_empty":32}
["合  计",{"$nulls":5},"—"]
["注：此表由招标人填写，如不能详列，也可只列暂定金额总额，投标人应将上述暂列金额计入投标总价中。"]
[{"$nulls":5},"表—12—1"]

{"sheet":"表-12-2 材料(工程设备)暂估价及调整表【景观工程】","index":21,"n_rows":38,"n_cols":12,"rows_kept":38,"merged":[[0,0,0,11],[1,0,1,4],[1,5,1,8],[1,9,1,11],[2,0,3,0],[2,1,3,1],[2,2,3,2],[2,3,2,4],[2,5,2,6],[2,7,2,8],[2,9,2,10],[2,11,3,11],[35,0,35,2],[36,0,36,11],[37,0,37,4],[37,5,37,8],[37,9,37,11]]}
["材料（工程设备）暂估单价及调整表"]
["工程名称：景观工程",{"$nulls":4},"标段：温县托育综合服务中心建设项目-室外配套及景观绿化",{"$nulls":3},"第 1 页 共 1 页"]
["序号","材料(工程设备)\n名称、规格、型号","计量\n单位","数 量",null,"暂 估(元)",null,"确 认(元)",null,"差额±(元)",null,"备 注"]
[{"$nulls":3},"暂 估","确 认","单 价","合 价","单 价","合 价","单 价","合 价"]
{"$rows_empty":31}
["合  计"]
["注：此表由招标人填写“暂估单价”，并在备注栏说明暂估价的材料、工程设备拟用在那些清单项目上，投标人应将上述材料、工程设备暂估单价计入工程量清单综合单价报价中。"]
[{"$nulls":9},"表—12—2"]

{"sheet":"表-12-3 专业工程暂估价及结算价表【景观工程】","index":22,"n_rows":38,"n_cols":9,"rows_kept":38,"merged":[[0,0,0,8],[1,0,1,2],[1,3,1,5],[1,6,1,8],[2,2,2,3],[2,5,2,6],[3,2,3,3],[3,5,3,6],[4,2,4,3],[4,5,4,6],[5,2,5,3],[5,5,5,6],[6,2,6,3],[6,5,6,6],[7,2,7,3],[7,5,7,6],[8,2,8,3],[8,5,8,6],[9,2,9,3],[9,5,9,6],[10,2,10,3],[10,5,10,6],[11,2,11,3],[11,5,11,6],[12,2,12,3],[12,5,12,6],[13,2,13,3],[13,5,13,6],[14,2,14,3],[14,5,14,6],[15,2,15,3],[15,5,15,6],[16,2,16,3],[16,5,16,6],[17,2,17,3],[17,5,17,6],[18,2,18,3],[18,5,18,6],[19,2,19,3],[19,5,19,6],[20,2,20,3],[20,5,20,6],[21,2,21,3],[21,5,21,6],[22,2,22,3],[22,5,22,6],[23,2,23,3],[23,5,23,6],[24,2,24,3],[24,5,24,6],[25,2,25,3],[25,5,25,6],[26,2,26,3],[26,5,26,6],[27,2,27,3],[27,5,27,6],[28,2,28,3],[28,5,28,6],[29,2,29,3],[29,5,29,6],[30,2,30,3],[30,5,30,6],[31,2,31,3],[31,5,31,6],[32,2,32,3],[32,5,32,6],[33,2,33,3],[33,5,33,6],[34,2,34,3],[34,5,34,6],[35,0,35,3],[35,5,35,6],[36,0,36,8],[37,0,37,2],[37,3,37,5],[37,6,37,8]]}
["专业工程暂估价及结算价表"]
["工程名称：景观工程",null,null,"标段：温县托育综合服务中心建设项目-室外配套及景观绿化",null,null,"第 1 页 共 1 页"]
["序号","工 程 名 称","工程内容",null,"暂估金额\n（元）","结算金额\n(元)",null,"差额±(元)","备 注"]
{"$rows_empty":32}
["合  计",{"$nulls":3},"0.00",{"$nulls":3},"—"]
["注：此表“暂估金额”由招标人填写，投标人应将“暂估金额”计入投标总价中。结算时按合同约定结算金额填写。"]
[{"$nulls":6},"表—12—3"]

{"sheet":"表-12-4 计日工表【景观工程】","index":23,"n_rows":38,"n_cols":10,"rows_kept":38,"merged":[[0,0,0,9],[1,0,1,3],[1,4,1,6],[1,7,1,9],[2,0,3,0],[2,1,3,1],[2,2,3,2],[2,3,3,4],[2,5,3,5],[2,6,3,7],[2,8,2,9],[4,3,4,4],[4,6,4,7],[5,3,5,4],[5,6,5,7],[6,0,6,7],[7,3,7,4],[7,6,7,7],[8,3,8,4],[8,6,8,7],[9,0,9,7],[10,3,10,4],[10,6,10,7],[11,3,11,4],[11,6,11,7],[12,0,12,7],[13,3,13,4],[13,6,13,7],[14,3,14,4],[14,6,14,7],[15,3,15,4],[15,6,15,7],[16,3,16,4],[16,6,16,7],[17,3,17,4],[17,6,17,7],[18,3,18,4],[18,6,18,7],[19,3,19,4],[19,6,19,7],[20,3,20,4],[20,6,20,7],[21,3,21,4],[21,6,21,7],[22,3,22,4],[22,6,22,7],[23,3,23,4],[23,6,23,7],[24,3,24,4],[24,6,24,7],[25,3,25,4],[25,6,25,7],[26,3,26,4],[26,6,26,7],[27,3,27,4],[27,6,27,7],[28,3,28,4],[28,6,28,7],[29,3,29,4],[29,6,29,7],[30,3,30,4],[30,6,30,7],[31,3,31,4],[31,6,31,7],[32,3,32,4],[32,6,32,7],[33,3,33,4],[33,6,33,7],[34,3,34,4],[34,6,34,7],[35,0,35,7],[36,0,36,9],[37,0,37,3],[37,4,37,6],[37,7,37,9]]}
["计 日 工 表"]
["工程名称：景观工程",{"$nulls":3},"标段：温县托育综合服务中心建设项目-室外配套及景观绿化",null,null,"第 1 页 共 1 页"]
["编号","项 目 名 称","单位","暂定数量",null,"实际数量","综合单价\n(元)",null,"合 价(元)"]
[{"$nulls":8},"暂 定","实 际"]
["一","人工"]
[1]
["人工小计"]
["二","材料"]
[1]
["材料小计"]
["三","施工机械"]
[1]
["施工机械小计"]
["四","企业管理费和利润"]
{"$rows_empty":21}
["总  计"]
["注：此表项目名称、暂定数量由招标人填写，编制招标控制价时，单价由招标人按有关计价规定确定；投标时，单价由投标人自主报价，按暂定数量计算合价计入投标总价中。结算时，按发承包双方确认的实际数量计算合价。"]
[{"$nulls":7},"表—12—4"]

{"sheet":"表-12-5 总承包服务费计价表【景观工程】","index":24,"n_rows":38,"n_cols":9,"rows_kept":38,"merged":[[0,0,0,8],[1,0,1,2],[1,3,1,5],[1,6,1,8],[2,2,2,3],[2,5,2,6],[3,2,3,3],[3,5,3,6],[4,2,4,3],[4,5,4,6],[5,2,5,3],[5,5,5,6],[6,2,6,3],[6,5,6,6],[7,2,7,3],[7,5,7,6],[8,2,8,3],[8,5,8,6],[9,2,9,3],[9,5,9,6],[10,2,10,3],[10,5,10,6],[11,2,11,3],[11,5,11,6],[12,2,12,3],[12,5,12,6],[13,2,13,3],[13,5,13,6],[14,2,14,3],[14,5,14,6],[15,2,15,3],[15,5,15,6],[16,2,16,3],[16,5,16,6],[17,2,17,3],[17,5,17,6],[18,2,18,3],[18,5,18,6],[19,2,19,3],[19,5,19,6],[20,2,20,3],[20,5,20,6],[21,2,21,3],[21,5,21,6],[22,2,22,3],[22,5,22,6],[23,2,23,3],[23,5,23,6],[24,2,24,3],[24,5,24,6],[25,2,25,3],[25,5,25,6],[26,2,26,3],[26,5,26,6],[27,2,27,3],[27,5,27,6],[28,2,28,3],[28,5,28,6],[29,2,29,3],[29,5,29,6],[30,2,30,3],[30,5,30,6],[31,2,31,3],[31,5,31,6],[32,2,32,3],[32,5,32,6],[33,2,33,3],[33,5,33,6],[34,2,34,3],[34,5,34,6],[35,2,35,3],[35,5,35,6],[36,0,36,8],[37,0,37,2],[37,3,37,5],[37,6,37,8]]}
["总承包服务费计价表"]
["工程名称：景观工程",null,null,"标段：温县托育综合服务中心建设项目-室外配套及景观绿化",null,null,"第 1 页 共 1 页"]
["序号","项 目 名 称","项目价值（元）",null,"服务内容","计算基础",null,"费率(%)","金 额(元)"]
{"$rows_empty":32}
[null,"合    计","-",null,"-",null,null,"-"]
["注：此表项目名称、服务内容由招标人填写，编制招标控制价时，费率及金额由招标人按有关计价规定确定；投标时，费率及金额由投标人自主报价，计入投标总价中。"]
[{"$nulls":6},"表—12—5"]

{"sheet":"表-13 规费、税金项目计价表【景观工程】","index":25,"n_rows":37,"n_cols":8,"rows_kept":37,"merged":[[0,0,0,7],[1,0,1,2],[1,3,1,5],[1,6,1,7],[2,2,2,3],[2,5,2,6],[3,2,3,3],[3,5,3,6],[4,2,4,3],[4,5,4,6],[5,2,5,3],[5,5,5,6],[6,2,6,3],[6,5,6,6],[7,2,7,3],[7,5,7,6],[8,2,8,3],[8,5,8,6],[9,2,9,3],[9,5,9,6],[10,2,10,3],[10,5,10,6],[11,2,11,3],[11,5,11,6],[12,2,12,3],[12,5,12,6],[13,2,13,3],[13,5,13,6],[14,2,14,3],[14,5,14,6],[15,2,15,3],[15,5,15,6],[16,2,16,3],[16,5,16,6],[17,2,17,3],[17,5,17,6],[18,2,18,3],[18,5,18,6],[19,2,19,3],[19,5,19,6],[20,2,20,3],[20,5,20,6],[21,2,21,3],[21,5,21,6],[22,2,22,3],[22,5,22,6],[23,2,23,3],[23,5,23,6],[24,2,24,3],[24,5,24,6],[25,2,25,3],[25,5,25,6],[26,2,26,3],[26,5,26,6],[27,2,27,3],[27,5,27,6],[28,2,28,3],[28,5,28,6],[29,2,29,3],[29,5,29,6],[30,2,30,3],[30,5,30,6],[31,2,31,3],[31,5,31,6],[32,2,32,3],[32,5,32,6],[33,2,33,3],[33,5,33,6],[34,0,34,4],[34,5,34,6],[35,0,35,2],[35,3,35,7],[36,0,36,2],[36,3,36,5],[36,6,36,7]]}
["规费、税金项目计价表"]
["工程名称：景观工程",null,null,"标段：温县托育综合服务中心建设项目-室外配套及景观绿化",null,null,"第 1 页 共 1 页"]
["序号","项 目 名 称","计 算 基 础",null,"计算基数","计算费率\n(%)",null,"金 额(元)"]
["1","规费","定额规费+工程排污费+其他",null,6244.46,null,null,6244.46]
["1.1","定额规费","分部分项规费+单价措施规费",null,6244.46,null,null,6244.46]
["1.2","工程排污费"]
["1.3","其他"]
["2","增值税","不含税工程造价合计",null,359375.54,"9",null,32343.8]
{"$rows_empty":26}
["合  计",{"$nulls":6},38588.26]
[" 编制人（造价人员）：",null,null,"复核人（造价工程师）："]
[{"$nulls":6},"表—13"]

{"sheet":"表-14 主要材料价格表【景观工程】","index":26,"n_rows":23,"n_cols":10,"rows_kept":23,"merged":[[0,0,0,9],[1,0,1,1],[1,2,1,7],[1,8,1,9],[2,1,2,2],[2,7,2,8],[3,1,3,2],[3,7,3,8],[4,1,4,2],[4,7,4,8],[5,1,5,2],[5,7,5,8],[6,1,6,2],[6,7,6,8],[7,1,7,2],[7,7,7,8],[8,1,8,2],[8,7,8,8],[9,1,9,2],[9,7,9,8],[10,1,10,2],[10,7,10,8],[11,1,11,2],[11,7,11,8],[12,1,12,2],[12,7,12,8],[13,1,13,2],[13,7,13,8],[14,1,14,2],[14,7,14,8],[15,1,15,2],[15,7,15,8],[16,1,16,2],[16,7,16,8],[17,1,17,2],[17,7,17,8],[18,1,18,2],[18,7,18,8],[19,1,19,2],[19,7,19,8],[20,1,20,2],[20,7,20,8],[21,1,21,2],[21,7,21,8],[22,1,22,2],[22,7,22,8],[23,1,23,2],[23,7,23,8],[24,1,24,2],[24,7,24,8],[25,1,25,2],[25,7,25,8],[26,1,26,2],[26,7,26,8],[27,1,27,2],[27,7,27,8],[28,1,28,2],[28,7,28,8],[29,1,29,2],[29,7,29,8],[30,1,30,2],[30,7,30,8],[31,1,31,2],[31,7,31,8],[32,1,32,2],[32,7,32,8],[33,1,33,2],[33,7,33,8],[34,1,34,2],[34,7,34,8],[35,1,35,2],[35,7,35,8],[36,1,36,2],[36,7,36,8]]}
["主要材料价格表"]
["工程名称：",null,"景观工程",{"$nulls":5},"第 1 页 共 1 页"]
["序号","材料编码",null,"材料名称","规格、型号\n等特殊要求","单位","数 量","单 价",null,"合 价"]
[1,"01010211",null,"钢筋","HRB400以内 φ12~φ18","kg",379.25,3.5,null,1327.38]
[2,"03131103",null,"不锈钢焊丝","1.1~3mm","kg",23.889,59.82,null,1429.04]
[3,"03210593",null,"铁件","综合","kg",288.4,5.657,null,1631.48]
[4,"04030139@1",null,"白色细沙",null,"m3",21.138684,300,null,6341.61]
[5,"04050151",null,"天然级配砂砾",null,"m3",169.009308,80,null,13520.74]
[6,"04130141",null,"烧结煤矸石普通砖","240*115*53","千块",15.486789,520,null,8053.13]
[7,"07050131@1",null,"成品室外悬浮式拼装地板",null,"m2",836.8256,80,null,66946.05]
[8,"08010146@1",null,"300*300*30烧面芝麻灰",null,"m2",6.732,160,null,1077.12]
[9,"08010146@2",null,"20厚烧面贵妃红花岗岩",null,"m2",12.6684,220,null,2787.05]
[10,"13030359",null,"真石漆",null,"kg",617.0112,6.64,null,4096.95]
[11,"17050141",null,"不锈钢管","φ108","m",15,264.49,null,3967.35]
[12,"17050142",null,"不锈钢管","φ133","m",16.5,135,null,2227.5]
[13,"55495101",null,"旗帜电动升降系统",null,"套",1,40000,null,40000]
[14,"BCCLF3",null,"铁艺围栏",null,"m2",175.1,390,null,68289]
[15,"80210555",null,"预拌混凝土","C15","m3",7.07404,350,null,2475.91]
[16,"80210557",null,"预拌混凝土","C20","m3",9.64045,360,null,3470.56]
[17,"80210557@1",null,"预拌混凝土透水","C20","m3",81.26864,360,null,29256.71]
[18,"80210561",null,"预拌混凝土","C30","m3",5.9893,380,null,2275.93]
[19,"80010731",null,"干混砌筑砂浆","DM M10","m3",6.88234,405,null,2787.35]
[20,"80010751",null,"干混地面砂浆","DS M20","m3",16.996668,504,null,8566.32]

{"sheet":"表-04 单位工程招标控制价汇总表【绿化工程】","index":27,"n_rows":62,"n_cols":6,"rows_kept":62,"merged":[[0,0,0,3],[0,4,0,5],[1,0,1,5],[2,0,2,1],[2,2,2,3],[2,4,2,5],[3,1,3,2],[3,3,3,4],[4,1,4,2],[4,3,4,4],[5,1,5,2],[5,3,5,4],[6,1,6,2],[6,3,6,4],[7,1,7,2],[7,3,7,4],[8,1,8,2],[8,3,8,4],[9,1,9,2],[9,3,9,4],[10,1,10,2],[10,3,10,4],[11,1,11,2],[11,3,11,4],[12,1,12,2],[12,3,12,4],[13,1,13,2],[13,3,13,4],[14,1,14,2],[14,3,14,4],[15,1,15,2],[15,3,15,4],[16,1,16,2],[16,3,16,4],[17,1,17,2],[17,3,17,4],[18,1,18,2],[18,3,18,4],[19,1,19,2],[19,3,19,4],[20,1,20,2],[20,3,20,4],[21,1,21,2],[21,3,21,4],[22,1,22,2],[22,3,22,4],[23,1,23,2],[23,3,23,4],[24,1,24,2],[24,3,24,4],[25,1,25,2],[25,3,25,4],[26,1,26,2],[26,3,26,4],[27,1,27,2],[27,3,27,4],[28,1,28,2],[28,3,28,4],[29,0,29,5],[30,0,30,1],[30,2,30,3],[30,4,30,5],[31,0,31,3],[31,4,31,5],[32,0,32,5],[33,0,33,1],[33,2,33,3],[33,4,33,5],[34,1,34,2],[34,3,34,4],[35,1,35,2],[35,3,35,4],[36,1,36,2],[36,3,36,4],[37,1,37,2],[37,3,37,4],[38,1,38,2],[38,3,38,4],[39,1,39,2],[39,3,39,4],[40,1,40,2],[40,3,40,4],[41,1,41,2],[41,3,41,4],[42,1,42,2],[42,3,42,4],[43,1,43,2],[43,3,43,4],[44,1,44,2],[44,3,44,4],[45,1,45,2],[45,3,45,4],[46,1,46,2],[46,3,46,4],[47,1,47,2],[47,3,47,4],[48,1,48,2],[48,3,48,4],[49,1,49,2],[49,3,49,4],[50,1,50,2],[50,3,50,4],[51,1,51,2],[51,3,51,4],[52,1,52,2],[52,3,52,4],[53,1,53,2],[53,3,53,4],[54,1,54,2],[54,3,54,4],[55,1,55,2],[55,3,55,4],[56,1,56,2],[56,3,56,4],[57,1,57,2],[57,3,57,4],[58,1,58,2],[58,3,58,4],[59,0,59,2],[59,3,59,4],[60,0,60,5],[61,0,61,1],[61,2,61,3],[61,4,61,5]]}
[]
["单位工程招标控制价汇总表"]
["工程名称：绿化工程",null,"标段：温县托育综合服务中心建设项目-室外配套及景观绿化",null,"第 1 页 共 2 页"]
["序号","汇 总 内 容",null,"金 额(元)",null,"其中：暂估价(元)"]
["1","分部分项工程",null,78445.84]
["1.1","其中：综合工日",null,132.62]
["1.2","1)人工费",null,5606.34]
["1.3","2)材料费",null,71842.93]
["1.4","3)机械费",null,838.71]
["1.5","4)企业管理费",null,98.23]
["1.6","5)利润",null,59.64]
["2","措施项目",null,739.03]
["2.1","其中： 1)技术措施费"]
["2.1.1","综合工日"]
["2.1.2","①人工费"]
["2.1.3","②材料费"]
["2.1.4","③机械费"]
["2.1.5","④企业管理费"]
["2.1.6","⑤利润"]
["2.2","2)安全文明措施费",null,739.03]
["2.2.1","2.1)安全生产费",null,456.34]
["2.2.2","2.2)文明施工措施费",null,228.17]
["2.2.3","2.3)扬尘污染防治费",null,54.52]
["2.3","3)二次搬运费"]
["2.4","4)夜间施工措施费"]
["2.5","5)冬雨施工措施费"]
["2.6","6)其他"]
["3","其他项目",{"$nulls":3},"－"]
["3.1","其中：1)暂列金额",{"$nulls":3},"－"]
["注：本表适用于单位工程招标控制价或投标报价的汇总，如无单位工程划分，单项工程也使用本表汇总。"]
[{"$nulls":4},"表—04"]
[]
["单位工程招标控制价汇总表"]
["工程名称：绿化工程",null,"标段：温县托育综合服务中心建设项目-室外配套及景观绿化",null,"第 2 页 共 2 页"]
["序号","汇 总 内 容",null,"金 额(元)",null,"其中：暂估价(元)"]
["3.2","2)专业工程暂估价",{"$nulls":3},"－"]
["3.3","3)计日工",{"$nulls":3},"－"]
["3.4","4)总承包服务费",{"$nulls":3},"－"]
["3.5","5)零星工作项目费"]
["3.6","6)优质优价奖励费"]
["3.7","7)检测费"]
["3.8","8)其他",{"$nulls":3},"－"]
["4","规费",null,1429.66,null,"－"]
["4.1","其中：1)工程排污费",{"$nulls":3},"－"]
["4.2","2)社会保障费",null,1071.58,null,"－"]
["4.3","3)住房公积金",null,225.46,null,"－"]
["4.4","4)工伤保险",null,132.62,null,"－"]
["5","不含税工程造价合计",null,80614.53]
["6","增值税~销项税额",null,7255.31]
["7","含税工程造价合计",null,87869.84]
{"$rows_empty":9}
["招标控制价合计=1+2+3+4+6",null,null,"87,869.84",null,"0"]
["注：本表适用于单位工程招标控制价或投标报价的汇总，如无单位工程划分，单项工程也使用本表汇总。"]
[{"$nulls":4},"表—04"]

{"sheet":"表-08 分部分项工程和单价措施项目清单与计价表【绿化工程】","index":28,"n_rows":56,"n_cols":11,"rows_kept":56,"merged":[[0,0,0,10],[1,0,1,3],[1,4,1,8],[1,9,1,10],[2,0,4,0],[2,1,4,1],[2,2,4,2],[2,3,4,4],[2,5,4,5],[2,6,4,6],[2,7,2,10],[3,7,4,7],[3,8,4,9],[5,3,5,4],[5,8,5,9],[6,3,6,4],[6,8,6,9],[7,3,7,4],[7,8,7,9],[8,3,8,4],[8,8,8,9],[9,3,9,4],[9,8,9,9],[10,0,10,7],[10,8,10,9],[11,0,11,10],[12,0,12,3],[12,4,12,8],[12,9,12,10],[13,0,13,10],[14,0,14,3],[14,4,14,8],[14,9,14,10],[15,0,17,0],[15,1,17,1],[15,2,17,2],[15,3,17,4],[15,5,17,5],[15,6,17,6],[15,7,15,10],[16,7,17,7],[16,8,17,9],[18,3,18,4],[18,8,18,9],[19,3,19,4],[19,8,19,9],[20,3,20,4],[20,8,20,9],[21,3,21,4],[21,8,21,9],[22,0,22,7],[22,8,22,9],[23,0,23,10],[24,0,24,3],[24,4,24,8],[24,9,24,10],[25,0,25,10],[26,0,26,3],[26,4,26,8],[26,9,26,10],[27,0,29,0],[27,1,29,1],[27,2,29,2],[27,3,29,4],[27,5,29,5],[27,6,29,6],[27,7,27,10],[28,7,29,7],[28,8,29,9],[30,3,30,4],[30,8,30,9],[31,3,31,4],[31,8,31,9],[32,3,32,4],[32,8,32,9],[33,3,33,4],[33,8,33,9],[34,3,34,4],[34,8,34,9],[35,3,35,4],[35,8,35,9],[36,3,36,4],[36,8,36,9],[37,3,37,4],[37,8,37,9],[38,3,38,4],[38,8,38,9],[39,3,39,4],[39,8,39,9],[40,3,40,4],[40,8,40,9],[41,3,41,4],[41,8,41,9],[42,3,42,4],[42,8,42,9],[43,3,43,4],[43,8,43,9],[44,3,44,4],[44,8,44,9],[45,3,45,4],[45,8,45,9],[46,3,46,4],[46,8,46,9],[47,3,47,4],[47,8,47,9],[48,3,48,4],[48,8,48,9],[49,3,49,4],[49,8,49,9],[50,3,50,4],[50,8,50,9],[51,3,51,4],[51,8,51,9],[52,0,52,7],[52,8,52,9],[53,0,53,7],[53,8,53,9],[54,0,54,10],[55,0,55,3],[55,4,55,8],[55,9,55,10]]}
["分部分项工程和单价措施项目清单与计价表"]
["工程名称：绿化工程",{"$nulls":3},"标段：温县托育综合服务中心建设项目-室外配套及景观绿化",{"$nulls":4},"第 1 页 共 3 页"]
["序号","项目编码","项目名称","项目特征描述",null,"计量单位","工程量","金 额(元)"]
[{"$nulls":7},"综合单价","合 价",null,"其中"]
[{"$nulls":10},"暂估价"]
[null,null,"整个项目",{"$nulls":5},78445.84]
[1,"050102001001","桂花","1、桂花\n2、高度3.0-3.5m\n3、全冠 丛生 树冠饱满\n4、含养护1年，及支撑草绳等费用\n5、其他：未尽事宜参见施工图说明、图纸答疑、要求及相关规范图集",null,"株","3",3101.18,9303.54]
[2,"050102001002","西府海棠","1、西府海棠\n2、高度2.0-2.5m\n3、胸径7-8cm，全冠 从地面50-60cm处至少4分枝 每分枝杆径≥4cm 树冠开展 枝叶茂密\n4、含养护1年，及支撑草绳等费用\n5、其他：未尽事宜参见施工图说明、图纸答疑、要求及相关规范图集",null,"株","8",2101.18,16809.44]
[3,"050102002001","金叶女贞球","1、金叶女贞球\n2、高度1.2m\n3、修剪成球形 树形丰满 无脱腿 \n4、含养护1年等费用\n5、其他：未尽事宜参见施工图说明、图纸答疑、要求及相关规范图集",null,"株","10",416.37,4163.7]
[4,"050102002002","雀舌黄杨球","1、雀舌黄杨球\n2、高度1.2m\n3、修剪成球形 树形丰满 无脱腿 \n4、含养护1年等费用\n5、其他：未尽事宜参见施工图说明、图纸答疑、要求及相关规范图集",null,"株","14",366.37,5129.18]
["本页小计",{"$nulls":7},35405.86]
["注：为计取规费等的使用，可在表中增设其中：“定额人工费”。"]
[{"$nulls":9},"表—08"]
["分部分项工程和单价措施项目清单与计价表"]
["工程名称：绿化工程",{"$nulls":3},"标段：温县托育综合服务中心建设项目-室外配套及景观绿化",{"$nulls":4},"第 2 页 共 3 页"]
["序号","项目编码","项目名称","项目特征描述",null,"计量单位","工程量","金 额(元)"]
[{"$nulls":7},"综合单价","合 价",null,"其中"]
[{"$nulls":10},"暂估价"]
[5,"050102007001","金森女贞","1、金森女贞\n2、高度0.3-0.35m\n3、36株/m2 每株3分枝以上 选用生长旺盛植株  满铺不露土 \n4、含养护1年等费用\n5、其他：未尽事宜参见施工图说明、图纸答疑、要求及相关规范图集",null,"m2","45",168.15,7566.75]
[6,"050102007002","红叶石楠","1、红叶石楠\n2、高度0.45-0.5m\n3、36株/m2 每株3分枝以上 选用生长旺盛植株  满铺不露土 \n4、含养护1年等费用\n5、其他：未尽事宜参见施工图说明、图纸答疑、要求及相关规范图集",null,"m2","149",168.15,25054.35]
[7,"050102007003","大叶黄杨","1、大叶黄杨\n2、高度0.45-0.5m\n3、36株/m2 每株3分枝以上 选用生长旺盛植株  满铺不露土 \n4、含养护1年等费用\n5、其他：未尽事宜参见施工图说明、图纸答疑、要求及相关规范图集",null,"m2","32.8",168.15,5515.32]
[8,"050102007004","麦冬","1、麦冬\n2、49株/m2 满铺不露土\n3、含养护1年等费用\n4、其他：未尽事宜参见施工图说明、图纸答疑、要求及相关规范图集",null,"m2","18.2",78.88,1435.62]
["本页小计",{"$nulls":7},39572.04]
["注：为计取规费等的使用，可在表中增设其中：“定额人工费”。"]
[{"$nulls":9},"表—08"]
["分部分项工程和单价措施项目清单与计价表"]
["工程名称：绿化工程",{"$nulls":3},"标段：温县托育综合服务中心建设项目-室外配套及景观绿化",{"$nulls":4},"第 3 页 共 3 页"]
["序号","项目编码","项目名称","项目特征描述",null,"计量单位","工程量","金 额(元)"]
[{"$nulls":7},"综合单价","合 价",null,"其中"]
[{"$nulls":10},"暂估价"]
[9,"050102012001","草坪","1、草坪\n2、混播 早熟禾:高羊茅:黑麦草=5:2:3\n3、含养护1年等费用\n4、其他：未尽事宜参见施工图说明、图纸答疑、要求及相关规范图集",null,"m2","178.8",14.11,2522.87]
[10,"050101010001","整理绿化用地","1、整理绿化用地\n2、其他：未尽事宜参见施工图说明、图纸答疑、要求及相关规范图集",null,"m2","423.8",2.23,945.07]
[null,null,"措施项目"]
{"$rows_empty":19}
["本页小计",{"$nulls":7},3467.94]
["合  计",{"$nulls":7},78445.84]
["注：为计取规费等的使用，可在表中增设其中：“定额人工费”。"]
[{"$nulls":9},"表—08"]

{"sheet":"表-11 总价措施项目清单与计价汇总表【绿化工程】","index":29,"n_rows":22,"n_cols":11,"rows_kept":22,"merged":[[0,0,0,10],[1,0,1,3],[1,4,1,7],[1,8,1,10],[2,3,2,4],[2,7,2,8],[3,3,3,4],[3,7,3,8],[4,3,4,4],[4,7,4,8],[5,3,5,4],[5,7,5,8],[6,3,6,4],[6,7,6,8],[7,3,7,4],[7,7,7,8],[8,3,8,4],[8,7,8,8],[9,3,9,4],[9,7,9,8],[10,3,10,4],[10,7,10,8],[11,3,11,4],[11,7,11,8],[12,3,12,4],[12,7,12,8],[13,3,13,4],[13,7,13,8],[14,3,14,4],[14,7,14,8],[15,3,15,4],[15,7,15,8],[16,3,16,4],[16,7,16,8],[17,3,17,4],[17,7,17,8],[18,0,18,5],[18,7,18,8],[19,0,19,3],[19,4,19,7],[19,8,19,10],[20,0,20,10],[21,0,21,3],[21,4,21,7],[21,8,21,10]]}
["总价措施项目清单与计价表"]
["工程名称：绿化工程",{"$nulls":3},"标段：温县托育综合服务中心建设项目-室外配套及景观绿化",{"$nulls":3},"第 1 页 共 1 页"]
["序号","项目编码","项 目 名 称","计 算 基 础",null,"费率(%)","金 额(元)","调整费\n率(%)",null,"调整后金额\n(元)","备 注"]
["1","050405001001","安全文明施工费",{"$nulls":3},739.03,{"$nulls":3},"不可竞争费，安全生产费、文明施工措施费费率值根据“豫建设标【2014】57号文”取定，扬尘污染防治费费率值根据“豫建设标【2016】47号文”取定。"]
["1.1","1.1","安全生产费","(综合工日合计+技术措施项目综合工日合计)*34*1.66*(1-10.08%)",null,"6.78",456.34]
["1.2","1.2","文明施工措施费","(综合工日合计+技术措施项目综合工日合计)*34*1.66*(1-10.08%)",null,"3.39",228.17]
["1.3","1.3","扬尘污染防治费","(综合工日合计+技术措施项目综合工日合计)*34*1.66*(1-10.08%)",null,"0.81",54.52]
["2","050405002001","夜间施工增加费","综合工日合计+技术措施项目综合工日合计",null,"0"]
["3","050405004001","二次搬运费","综合工日合计+技术措施项目综合工日合计",null,"0"]
["4","050405005001","冬雨季施工增加费","综合工日合计+技术措施项目综合工日合计",null,"0"]
["5","050405006001","反季节栽植影响措施","综合工日合计+技术措施项目综合工日合计",null,"0"]
["6","050405007001","地上、地下设施的临时保护设施","综合工日合计+技术措施项目综合工日合计",null,"0"]
["7","050405008001","已完工程及设备保护费","综合工日合计+技术措施项目综合工日合计",null,"0"]
[]
[]
[]
[]
[]
["合  计",{"$nulls":5},739.03]
["编制人（造价人员）：",{"$nulls":3},"复核人（造价工程师）："]
["注：1.“计算基础”中安全文明施工费可为“定额基价”、“定额人工费”或“定额人工费+定额机械费”，其他项目可为“定额人工费”或“定额人工费+定额机械费”。\n    2.按施工方案计算的措施费，若无“计算基础”和“费率”的数值，也可只填“金额”数值，但应在备注栏说明施工方案出处或计算方法。"]
[{"$nulls":8},"表-11"]

{"sheet":"表-12 其他项目清单与计价汇总表【绿化工程】","index":30,"n_rows":38,"n_cols":7,"rows_kept":38,"merged":[[0,0,0,6],[1,0,1,2],[1,3,1,4],[1,5,1,6],[2,2,2,3],[2,4,2,5],[3,2,3,3],[3,4,3,5],[4,2,4,3],[4,4,4,5],[5,2,5,3],[5,4,5,5],[6,2,6,3],[6,4,6,5],[7,2,7,3],[7,4,7,5],[8,2,8,3],[8,4,8,5],[9,2,9,3],[9,4,9,5],[10,2,10,3],[10,4,10,5],[11,2,11,3],[11,4,11,5],[12,2,12,3],[12,4,12,5],[13,2,13,3],[13,4,13,5],[14,2,14,3],[14,4,14,5],[15,2,15,3],[15,4,15,5],[16,2,16,3],[16,4,16,5],[17,2,17,3],[17,4,17,5],[18,2,18,3],[18,4,18,5],[19,2,19,3],[19,4,19,5],[20,2,20,3],[20,4,20,5],[21,2,21,3],[21,4,21,5],[22,2,22,3],[22,4,22,5],[23,2,23,3],[23,4,23,5],[24,2,24,3],[24,4,24,5],[25,2,25,3],[25,4,25,5],[26,2,26,3],[26,4,26,5],[27,2,27,3],[27,4,27,5],[28,2,28,3],[28,4,28,5],[29,2,29,3],[29,4,29,5],[30,2,30,3],[30,4,30,5],[31,2,31,3],[31,4,31,5],[32,2,32,3],[32,4,32,5],[33,2,33,3],[33,4,33,5],[34,2,34,3],[34,4,34,5],[35,0,35,1],[35,2,35,3],[35,4,35,5],[36,0,36,6],[37,0,37,2],[37,3,37,4],[37,5,37,6]]}
["其他项目清单与计价汇总表"]
["工程名称：绿化工程",null,null,"标段：温县托育综合服务中心建设项目-室外配套及景观绿化",null,"第 1 页 共 1 页"]
["序号","项 目 名 称","金 额(元)",null,"结算金额(元)",null,"备 注"]
["1","暂列金额",{"$nulls":4},"明细详见表-12-1"]
["2","暂估价"]
["2.1","材料（工程设备）暂估价","—      ",{"$nulls":3},"明细详见表-12-2"]
["2.2","专业工程暂估价",{"$nulls":4},"明细详见表-12-3"]
["3","计日工",{"$nulls":4},"明细详见表-12-4"]
["4","总承包服务费",{"$nulls":4},"明细详见表-12-5"]
{"$rows_empty":26}
["合  计",null,"0",{"$nulls":3},"—"]
["注：材料（工程设备）暂估单价进入清单项目综合单价，此处不汇总。"]
[{"$nulls":5},"表—12"]

{"sheet":"表-12-1 暂列金额明细表【绿化工程】","index":31,"n_rows":38,"n_cols":7,"rows_kept":38,"merged":[[0,0,0,6],[1,0,1,1],[1,2,1,4],[1,5,1,6],[2,1,2,2],[2,4,2,5],[3,1,3,2],[3,4,3,5],[4,1,4,2],[4,4,4,5],[5,1,5,2],[5,4,5,5],[6,1,6,2],[6,4,6,5],[7,1,7,2],[7,4,7,5],[8,1,8,2],[8,4,8,5],[9,1,9,2],[9,4,9,5],[10,1,10,2],[10,4,10,5],[11,1,11,2],[11,4,11,5],[12,1,12,2],[12,4,12,5],[13,1,13,2],[13,4,13,5],[14,1,14,2],[14,4,14,5],[15,1,15,2],[15,4,15,5],[16,1,16,2],[16,4,16,5],[17,1,17,2],[17,4,17,5],[18,1,18,2],[18,4,18,5],[19,1,19,2],[19,4,19,5],[20,1,20,2],[20,4,20,5],[21,1,21,2],[21,4,21,5],[22,1,22,2],[22,4,22,5],[23,1,23,2],[23,4,23,5],[24,1,24,2],[24,4,24,5],[25,1,25,2],[25,4,25,5],[26,1,26,2],[26,4,26,5],[27,1,27,2],[27,4,27,5],[28,1,28,2],[28,4,28,5],[29,1,29,2],[29,4,29,5],[30,1,30,2],[30,4,30,5],[31,1,31,2],[31,4,31,5],[32,1,32,2],[32,4,32,5],[33,1,33,2],[33,4,33,5],[34,1,34,2],[34,4,34,5],[35,0,35,3],[35,4,35,5],[36,0,36,6],[37,0,37,1],[37,2,37,4],[37,5,37,6]]}
["暂列金额明细表"]
["工程名称：绿化工程",null,"标段：温县托育综合服务中心建设项目-室外配套及景观绿化",null,null,"第 1 页 共 1 页"]
["序号","项 目 名 称",null,"计量单位","暂列金额(元)",null,"备 注"]
{"$rows_empty":32}
["合  计",{"$nulls":5},"—"]
["注：此表由招标人填写，如不能详列，也可只列暂列金额总额，投标人应将上述暂列金额计入投标总价中。"]
[{"$nulls":5},"表—12—1"]

{"sheet":"表-12-2 材料(工程设备)暂估价及调整表【绿化工程】","index":32,"n_rows":38,"n_cols":12,"rows_kept":38,"merged":[[0,0,0,11],[1,0,1,4],[1,5,1,8],[1,9,1,11],[2,0,3,0],[2,1,3,1],[2,2,3,2],[2,3,2,4],[2,5,2,6],[2,7,2,8],[2,9,2,10],[2,11,3,11],[35,0,35,2],[36,0,36,11],[37,0,37,4],[37,5,37,8],[37,9,37,11]]}
["材料（工程设备）暂估单价及调整表"]
["工程名称：绿化工程",{"$nulls":4},"标段：温县托育综合服务中心建设项目-室外配套及景观绿化",{"$nulls":3},"第 1 页 共 1 页"]
["序号","材料(工程设备)\n名称、规格、型号","计量\n单位","数 量",null,"暂 估(元)",null,"确 认(元)",null,"差额±(元)",null,"备 注"]
[{"$nulls":3},"暂 估","确 认","单 价","合 价","单 价","合 价","单 价","合 价"]
{"$rows_empty":31}
["合  计"]
["注：此表由招标人填写“暂估单价”，并在备注栏说明暂估价的材料、工程设备拟用在那些清单项目上，投标人应将上述材料、工程设备暂估单价计入工程量清单综合单价报价中。"]
[{"$nulls":9},"表—12—2"]

{"sheet":"表-12-3 专业工程暂估价及结算价表【绿化工程】","index":33,"n_rows":38,"n_cols":9,"rows_kept":38,"merged":[[0,0,0,8],[1,0,1,2],[1,3,1,5],[1,6,1,8],[2,2,2,3],[2,5,2,6],[3,2,3,3],[3,5,3,6],[4,2,4,3],[4,5,4,6],[5,2,5,3],[5,5,5,6],[6,2,6,3],[6,5,6,6],[7,2,7,3],[7,5,7,6],[8,2,8,3],[8,5,8,6],[9,2,9,3],[9,5,9,6],[10,2,10,3],[10,5,10,6],[11,2,11,3],[11,5,11,6],[12,2,12,3],[12,5,12,6],[13,2,13,3],[13,5,13,6],[14,2,14,3],[14,5,14,6],[15,2,15,3],[15,5,15,6],[16,2,16,3],[16,5,16,6],[17,2,17,3],[17,5,17,6],[18,2,18,3],[18,5,18,6],[19,2,19,3],[19,5,19,6],[20,2,20,3],[20,5,20,6],[21,2,21,3],[21,5,21,6],[22,2,22,3],[22,5,22,6],[23,2,23,3],[23,5,23,6],[24,2,24,3],[24,5,24,6],[25,2,25,3],[25,5,25,6],[26,2,26,3],[26,5,26,6],[27,2,27,3],[27,5,27,6],[28,2,28,3],[28,5,28,6],[29,2,29,3],[29,5,29,6],[30,2,30,3],[30,5,30,6],[31,2,31,3],[31,5,31,6],[32,2,32,3],[32,5,32,6],[33,2,33,3],[33,5,33,6],[34,2,34,3],[34,5,34,6],[35,0,35,3],[35,5,35,6],[36,0,36,8],[37,0,37,2],[37,3,37,5],[37,6,37,8]]}
["专业工程暂估价及结算价表"]
["工程名称：绿化工程",null,null,"标段：温县托育综合服务中心建设项目-室外配套及景观绿化",null,null,"第 1 页 共 1 页"]
["序号","工 程 名 称","工程内容",null,"暂估金额\n（元）","结算金额\n(元)",null,"差额±(元)","备 注"]
{"$rows_empty":32}
["合  计",{"$nulls":3},"0.00",{"$nulls":3},"—"]
["注：此表“暂估金额”由招标人填写，投标人应将“暂估金额”计入投标总价中。结算时按合同约定结算金额填写。"]
[{"$nulls":6},"表—12—3"]

{"sheet":"表-12-4 计日工表【绿化工程】","index":34,"n_rows":38,"n_cols":10,"rows_kept":38,"merged":[[0,0,0,9],[1,0,1,3],[1,4,1,6],[1,7,1,9],[2,0,3,0],[2,1,3,1],[2,2,3,2],[2,3,3,4],[2,5,3,5],[2,6,3,7],[2,8,2,9],[4,3,4,4],[4,6,4,7],[5,3,5,4],[5,6,5,7],[6,0,6,7],[7,3,7,4],[7,6,7,7],[8,3,8,4],[8,6,8,7],[9,0,9,7],[10,3,10,4],[10,6,10,7],[11,3,11,4],[11,6,11,7],[12,0,12,7],[13,3,13,4],[13,6,13,7],[14,3,14,4],[14,6,14,7],[15,3,15,4],[15,6,15,7],[16,3,16,4],[16,6,16,7],[17,3,17,4],[17,6,17,7],[18,3,18,4],[18,6,18,7],[19,3,19,4],[19,6,19,7],[20,3,20,4],[20,6,20,7],[21,3,21,4],[21,6,21,7],[22,3,22,4],[22,6,22,7],[23,3,23,4],[23,6,23,7],[24,3,24,4],[24,6,24,7],[25,3,25,4],[25,6,25,7],[26,3,26,4],[26,6,26,7],[27,3,27,4],[27,6,27,7],[28,3,28,4],[28,6,28,7],[29,3,29,4],[29,6,29,7],[30,3,30,4],[30,6,30,7],[31,3,31,4],[31,6,31,7],[32,3,32,4],[32,6,32,7],[33,3,33,4],[33,6,33,7],[34,3,34,4],[34,6,34,7],[35,0,35,7],[36,0,36,9],[37,0,37,3],[37,4,37,6],[37,7,37,9]]}
["计 日 工 表"]
["工程名称：绿化工程",{"$nulls":3},"标段：温县托育综合服务中心建设项目-室外配套及景观绿化",null,null,"第 1 页 共 1 页"]
["编号","项 目 名 称","单位","暂定数量",null,"实际数量","综合单价\n(元)",null,"合 价(元)"]
[{"$nulls":8},"暂 定","实 际"]
["一","人工"]
[1]
["人工小计"]
["二","材料"]
[1]
["材料小计"]
["三","施工机械"]
[1]
["施工机械小计"]
["四","企业管理费和利润"]
{"$rows_empty":21}
["总  计"]
["注：此表项目名称、暂定数量由招标人填写，编制招标控制价时，单价由招标人按有关计价规定确定；投标时，单价由投标人自主报价，按暂定数量计算合价计入投标总价中。结算时，按发承包双方确认的实际数量计算合价。"]
[{"$nulls":7},"表—12—4"]

{"sheet":"表-12-5 总承包服务费计价表【绿化工程】","index":35,"n_rows":38,"n_cols":9,"rows_kept":38,"merged":[[0,0,0,8],[1,0,1,2],[1,3,1,5],[1,6,1,8],[2,2,2,3],[2,5,2,6],[3,2,3,3],[3,5,3,6],[4,2,4,3],[4,5,4,6],[5,2,5,3],[5,5,5,6],[6,2,6,3],[6,5,6,6],[7,2,7,3],[7,5,7,6],[8,2,8,3],[8,5,8,6],[9,2,9,3],[9,5,9,6],[10,2,10,3],[10,5,10,6],[11,2,11,3],[11,5,11,6],[12,2,12,3],[12,5,12,6],[13,2,13,3],[13,5,13,6],[14,2,14,3],[14,5,14,6],[15,2,15,3],[15,5,15,6],[16,2,16,3],[16,5,16,6],[17,2,17,3],[17,5,17,6],[18,2,18,3],[18,5,18,6],[19,2,19,3],[19,5,19,6],[20,2,20,3],[20,5,20,6],[21,2,21,3],[21,5,21,6],[22,2,22,3],[22,5,22,6],[23,2,23,3],[23,5,23,6],[24,2,24,3],[24,5,24,6],[25,2,25,3],[25,5,25,6],[26,2,26,3],[26,5,26,6],[27,2,27,3],[27,5,27,6],[28,2,28,3],[28,5,28,6],[29,2,29,3],[29,5,29,6],[30,2,30,3],[30,5,30,6],[31,2,31,3],[31,5,31,6],[32,2,32,3],[32,5,32,6],[33,2,33,3],[33,5,33,6],[34,2,34,3],[34,5,34,6],[35,2,35,3],[35,5,35,6],[36,0,36,8],[37,0,37,2],[37,3,37,5],[37,6,37,8]]}
["总承包服务费计价表"]
["工程名称：绿化工程",null,null,"标段：温县托育综合服务中心建设项目-室外配套及景观绿化",null,null,"第 1 页 共 1 页"]
["序号","项 目 名 称","项目价值（元）",null,"服务内容","计算基础",null,"费率(%)","金 额(元)"]
{"$rows_empty":32}
[null,"合    计","-",null,"-",null,null,"-"]
["注：此表项目名称、服务内容由招标人填写，编制招标控制价时，费率及金额由招标人按有关计价规定确定；投标时，费率及金额由投标人自主报价，计入投标总价中。"]
[{"$nulls":6},"表—12—5"]

{"sheet":"表-13 规费、税金项目计价表【绿化工程】","index":36,"n_rows":36,"n_cols":8,"rows_kept":36,"merged":[[0,0,0,7],[1,0,1,2],[1,3,1,5],[1,6,1,7],[2,2,2,3],[2,5,2,6],[3,2,3,3],[3,5,3,6],[4,2,4,3],[4,5,4,6],[5,2,5,3],[5,5,5,6],[6,2,6,3],[6,5,6,6],[7,2,7,3],[7,5,7,6],[8,2,8,3],[8,5,8,6],[9,2,9,3],[9,5,9,6],[10,2,10,3],[10,5,10,6],[11,2,11,3],[11,5,11,6],[12,2,12,3],[12,5,12,6],[13,2,13,3],[13,5,13,6],[14,2,14,3],[14,5,14,6],[15,2,15,3],[15,5,15,6],[16,2,16,3],[16,5,16,6],[17,2,17,3],[17,5,17,6],[18,2,18,3],[18,5,18,6],[19,2,19,3],[19,5,19,6],[20,2,20,3],[20,5,20,6],[21,2,21,3],[21,5,21,6],[22,2,22,3],[22,5,22,6],[23,2,23,3],[23,5,23,6],[24,2,24,3],[24,5,24,6],[25,2,25,3],[25,5,25,6],[26,2,26,3],[26,5,26,6],[27,2,27,3],[27,5,27,6],[28,2,28,3],[28,5,28,6],[29,2,29,3],[29,5,29,6],[30,2,30,3],[30,5,30,6],[31,2,31,3],[31,5,31,6],[32,2,32,3],[32,5,32,6],[33,0,33,4],[33,5,33,6],[34,0,34,2],[34,3,34,7],[35,0,35,2],[35,3,35,5],[35,6,35,7]]}
["规费、税金项目计价表"]
["工程名称：绿化工程",null,null,"标段：温县托育综合服务中心建设项目-室外配套及景观绿化",null,null,"第 1 页 共 1 页"]
["序号","项 目 名 称","计 算 基 础",null,"计算基数","计算费率\n(%)",null,"金 额(元)"]
["1","规费","其中：1)工程排污费+2)社会保障费+3)住房公积金+4)工伤保险",null,1429.66,null,null,1429.66]
["1.1","其中：1)工程排污费"]
["1.2","2)社会保障费","综合工日合计+技术措施项目综合工日合计",null,132.62,"808",null,1071.58]
["1.3","3)住房公积金","综合工日合计+技术措施项目综合工日合计",null,132.62,"170",null,225.46]
["1.4","4)工伤保险","综合工日合计+技术措施项目综合工日合计",null,132.62,"100",null,132.62]
["2","增值税~销项税额","不含税工程造价合计",null,80614.53,"9",null,7255.31]
{"$rows_empty":24}
["合  计",{"$nulls":6},8684.97]
[" 编制人（造价人员）：",null,null,"复核人（造价工程师）："]
[{"$nulls":6},"表—13"]

{"sheet":"表-14 主要材料价格表【绿化工程】","index":37,"n_rows":20,"n_cols":10,"rows_kept":20,"merged":[[0,0,0,9],[1,0,1,1],[1,2,1,7],[1,8,1,9],[2,1,2,2],[2,7,2,8],[3,1,3,2],[3,7,3,8],[4,1,4,2],[4,7,4,8],[5,1,5,2],[5,7,5,8],[6,1,6,2],[6,7,6,8],[7,1,7,2],[7,7,7,8],[8,1,8,2],[8,7,8,8],[9,1,9,2],[9,7,9,8],[10,1,10,2],[10,7,10,8],[11,1,11,2],[11,7,11,8],[12,1,12,2],[12,7,12,8],[13,1,13,2],[13,7,13,8],[14,1,14,2],[14,7,14,8],[15,1,15,2],[15,7,15,8],[16,1,16,2],[16,7,16,8],[17,1,17,2],[17,7,17,8],[18,1,18,2],[18,7,18,8],[19,1,19,2],[19,7,19,8],[20,1,20,2],[20,7,20,8],[21,1,21,2],[21,7,21,8],[22,1,22,2],[22,7,22,8],[23,1,23,2],[23,7,23,8],[24,1,24,2],[24,7,24,8],[25,1,25,2],[25,7,25,8],[26,1,26,2],[26,7,26,8],[27,1,27,2],[27,7,27,8]]}
["主要材料价格表"]
["工程名称：",null,"绿化工程",{"$nulls":5},"第 1 页 共 1 页"]
["序号","材料编码",null,"材料名称","规格、型号\n等特殊要求","单位","数 量","单 价",null,"合 价"]
[1,"C00098",null,"草绳",null,"kg",70.69,0.42,null,29.69]
[2,"C00258",null,"水",null,"m3",366.097,4.8,null,1757.27]
[3,"CC1065",null,"镀锌铁丝","8～12#","kg",1.1,4.6,null,5.06]
[4,"EC1148",null,"树棍","长1.2m","棍",33,4,null,132]
[5,"EC1398",null,"肥料","(综合)","kg",2.3,0.9,null,2.07]
[6,"EC1482",null,"农药","(综合)","kg",27.728,23.4,null,648.84]
[7,"EC1484",null,"草坪肥",null,"kg",42.38,2,null,84.76]
[8,"EC1485",null,"尿素",null,"kg",0.8476,1.5,null,1.27]
[9,"E00014@1",null,"大叶黄杨","2、高度0.45-0.5m\u20293、36株/m2 每株3分枝以上 选用生长旺盛植株  满铺不露土","m2",32.8,150,null,4920]
[10,"E00014@2",null,"红叶石楠","2、高度0.45-0.5m\u20293、36株/m2 每株3分枝以上 选用生长旺盛植株  满铺不露土","m2",149,150,null,22350]
[11,"E00014@3",null,"金森女贞","2、高度0.3-0.35m\u20293、36株/m2 每株3分枝以上 选用生长旺盛植株  满铺不露土","m2",45,150,null,6750]
[12,"E00015@1",null,"麦冬","2、49株/m2 满铺不露土","m2",18.2,60,null,1092]
[13,"EZ157@1",null,"桂花","2、高度3.0-3.5m\u20293、全冠 丛生 树冠饱满","株",3,3000,null,9000]
[14,"EZ157@2",null,"西府海棠","2、高度2.0-2.5m\u20293、胸径7-8cm，全冠 从地面50-60cm处至少4分枝 每分枝杆径≥4cm 树冠开展 枝叶茂密","株",8,2000,null,16000]
[15,"EZ1613@1",null,"草籽","混播 早熟禾:高羊茅:黑麦草=5:2:3","kg",3.576,45.24,null,161.78]
[16,"EZ810@1",null,"金叶女贞球","2、高度1.2m\u20293、修剪成球形 树形丰满 无脱腿","株",10,400,null,4000]
[17,"EZ810@2",null,"雀舌黄杨球","2、高度1.2m\u20293、修剪成球形 树形丰满 无脱腿","株",14,350,null,4900]